{"text_format":"2","workbook":"xlsx","n_sheets":4,"sheets":["18编办0号台账模式示例","18编办工程量清单模式示例","08编办0号台账模式示例","08编办工程量清单模式示例"],"not_rendered":{"charts":0,"images":0,"macros":0,"external_links":0,"defined_names":1,"comments":0,"pivot_tables":0},"unopened":[],"bounds":{"document_bytes":16777216,"sheet_cells":100000,"run_cost":"one","rows_first":2000,"rows_last":500,"rows_between":2000,"halvings":0,"cell_chars":16384,"cell_head_chars":4096},"cells_cut":0,"cells_raw":0,"read":"whole","date_system":"1900"}

{"sheet":"18编办0号台账模式示例","index":0,"n_rows":665,"n_cols":12,"rows_kept":665,"cut":false,"hidden":false,"merged":[]}
["项目节编号","清单子目号","计量单元","名称","单位","清单数量","设计数量1","设计数量2","单价","合价","图号","备注"]
["1",null,null,"第一部分 建筑安装工程费","公路公里",{"$nulls":4},31716142]
["101",null,null,"临时工程","公路公里",{"$nulls":4},5157565]
[null,"101-1-a",null,"按合同条款规定,提供建筑工程一切险","总额",1,null,null,1569830,1569830]
[null,"101-1-b",null,"按合同条款规定,提供第三方责任险","总额",1,null,null,60000,60000]
[null,"102-1",null,"竣工文件","总额",1,null,null,200000,200000]
[null,"102-3",null,"安全生产费","总额",1,null,null,500000,500000]
[null,"102-4",null,"纵横工程管理软件(暂估价)","总额",1,null,null,100000,100000]
[null,"103-1-a",null,"临时道路","总额",1,null,null,1628162,1628162]
[null,"103-2",null,"临时用地","总额",1,null,null,57350,57350]
[null,"103-3-a",null,"设施架设、拆除","总额",1,null,null,941452,941452]
[null,"103-3-b",null,"设施维护","总额",1,null,null,50000,50000]
[null,"103-4",null,"电信设施的提供、维修与拆除","总额",1,null,null,50771,50771]
["102",null,null,"路基工程","km",{"$nulls":4},16336177]
["LJ02",null,null,"路基挖方","m3",{"$nulls":4},3947329]
["LJ0201",null,null,"挖土方","m3",{"$nulls":4},3947329]
["LJ020101",null,null,"挖路基土方","m3",{"$nulls":4},3947329]
[null,"203-1-a",null,"挖土方","m3",524213.67,null,null,7.53,3947329]
[null,null,"1","K0+000-K1+000",null,92954.75]
[null,null,"2","K1+000-K1+800",null,53057.31]
[null,null,"3","K2+800-K3+004",null,342.44]
[null,null,"4","K3+004-K4+040",null,694.07]
[null,null,"5","K4+040-K5+000",null,223432.73]
[null,null,"6","K5+000-K6+000",null,24670.66]
[null,null,"7","K6+000-K7+000",null,33936.6]
[null,null,"8","K7+000-K7+700",null,95125.11]
["LJ03",null,null,"路基填方","m3",{"$nulls":4},4485992]
["LJ0301",null,null,"利用土方填筑","m3",{"$nulls":4},315173]
[null,"204-1-b",null,"利用土方","m3",46900.67,null,null,6.72,315173]
[null,null,"1","K0+000-K1+000",null,6442.73]
[null,null,"2","K1+000-K1+800",null,4127.18]
[null,null,"3","K2+800-K3+004",null,2546.58]
[null,null,"4","K3+004-K4+040",null,3109.17]
[null,null,"5","K4+040-K5+000",null,8536.7]
[null,null,"6","K5+000-K6+000",null,8985.2]
[null,null,"7","K6+000-K7+000",null,8565.33]
[null,null,"8","K7+000-K7+700",null,4587.78]
["LJ0302",null,null,"借土方填筑","m3",{"$nulls":4},4170819]
[null,"204-1-e",null,"借土填方","m3",246066,null,null,16.95,4170819]
["LJ05",null,null,"特殊路基处理","km",{"$nulls":4},4162248]
["LJ0501",null,null,"软土地区路基处理","km/m2",{"$nulls":4},4162248]
["LJ050101",null,null,"抛石挤淤","m3/m2",{"$nulls":4},4162248]
[null,"203-1-d",null,"挖淤泥","m3",51899.4,null,null,17.03,883847]
[null,null,"1","K0+000~K1+008",null,21968.4]
[null,null,"2","K1+008~K1+800",null,29931]
[null,"204-1-j",null,"回填片石","m3",27238.4,null,null,107.78,2935755]
[null,null,"1","K0+000~K1+008",null,2168.4]
[null,null,"2","K1+008~K1+800",null,2993]
[null,null,"3","K2+800~K4+000",null,3605]
[null,null,"4","K4+000~K4+860",null,4692]
[null,null,"5","K4+860~K6+000",null,8160]
[null,null,"6","K6+000~K6+800",null,3820]
[null,null,"7","K6+800~K7+700",null,1800]
[null,"205-1-o",null,"单向格栅","m2",16350,null,null,14.96,244596]
[null,null,"1","K0+000~K1+008",null,3200]
[null,null,"2","K1+008~K1+800",null,4080]
[null,null,"3","K2+800~K4+000",null,1250]
[null,null,"4","K4+000~K4+860",null,1040]
[null,null,"5","K4+860~K6+000",null,2180]
[null,null,"6","K6+000~K6+800",null,400]
[null,null,"7","K6+800~K7+700",null,4200]
[null,"204-1-g",null,"回填粗粒土","m3",10600,null,null,9.25,98050]
[null,null,"1","K2+800~K4+000",null,8858]
[null,null,"2","K1+008~K1+800",null,517]
[null,null,"3","K0+000~K1+008",null,1225]
["LJ06",null,null,"排水工程","km",{"$nulls":4},2191473]
["LJ0601",null,null,"边沟","m3/m",{"$nulls":4},177552]
["LJ060103",null,null,"浆砌片块石边沟","m3/m",{"$nulls":4},177552]
[null,"207-1-b",null,"M7.5浆砌片石边沟","m3",1620,null,null,109.6,177552]
[null,null,"1","K4+000~K4+860",null,590]
[null,null,"2","K4+860~K6+000",null,260]
[null,null,"3","K6+000~K7+150",null,440]
[null,null,"4","K7+150~K7+700",null,330]
["LJ0602",null,null,"排水沟","m3/m",{"$nulls":4},967976]
["LJ060203",null,null,"浆砌片石排水沟","m3/m",{"$nulls":4},967976]
[null,"207-2-a",null,"M7.5浆砌片石排水沟","m",7388,null,null,131.02,967976]
[null,null,"1","K0+000~K1+030",null,904]
[null,null,"2","K1+030~K1+800",null,705]
[null,null,"3","K2+800~K4+340",null,2360]
[null,null,"4","K4+340~K4+980",null,230]
[null,null,"5","K4+980~K6+205",null,1629]
[null,null,"6","K6+205~K6+930",null,1050]
[null,null,"7","K6+930~K7+700",null,510]
["LJ0603",null,null,"截水沟","m3/m",{"$nulls":4},586819]
["LJ060301",null,null,"浆砌片石截水沟","m3/m",{"$nulls":4},586819]
[null,"207-3-a",null,"M7.5浆砌片石截水沟","m",1690,null,null,347.23,586819]
[null,null,"1","K0+000~K1+180",null,775]
[null,null,"2","K1+180~K1+800",null,395]
[null,null,"3","K2+800~K4+000",null,80]
[null,null,"4","K4+000~K4+730",null,350]
[null,null,"5","K7+150~K7+700",null,90]
["LJ0604",null,null,"急流槽","m3/m",{"$nulls":4},459126]
["LJ060402",null,null,"浆砌片石急流槽","m3/m",{"$nulls":4},459126]
[null,"207-4-a",null,"M7.5浆砌片石急流槽","m3",1559,null,null,294.5,459126]
[null,null,"1","K0+000~K1+008",null,202.44]
[null,null,"2","K1+008~K1+800",null,121.91]
[null,null,"3","K2+800~K3+950",null,175.53]
[null,null,"4","K3+950~K5+000",null,374.39]
[null,null,"5","K5+000~K5+960",null,423.87]
[null,null,"6","K5+960~K6+920",null,260.86]
["LJ07",null,null,"路基防护与加固工程","km",{"$nulls":4},1549135]
["LJ0702",null,null,"高边坡防护与加固","km/m2",{"$nulls":4},616819]
["LJ070201",null,null,"坡面植物防护","m2",{"$nulls":4},285728]
[null,"208-1-a",null,"植草","m2",86062.5,null,null,3.32,285728]
[null,null,"1","K0+000~K0+960",null,13649.5]
[null,null,"2","K0+960~K1+800",null,7485.8]
[null,null,"3","K2+800~K4+000",null,15695.5]
[null,null,"4","K4+000~K5+140",null,12320.99]
[null,null,"5","K5+140~K6+000",null,12028.6]
[null,null,"6","K6+000~K7+152",null,15655.3]
[null,null,"7","K7+152~K7+700",null,9226.81]
["LJ070202",null,null,"坡面圬工防护","m3/m2",{"$nulls":4},331091]
[null,"208-3-a",null,"拱形浆砌片石护坡","m3",2616.7,null,null,126.53,331091]
[null,null,"1","K0+000~K0+960",null,1025.7]
[null,null,"2","K0+960~K1+800",null,347]
[null,null,"3","K2+800~K4+000",null,670.2]
[null,null,"4","K4+000~K5+140",null,573.8]
["LJ0705",null,null,"挡土墙","m3/m",{"$nulls":4},932316]
["LJ070501",null,null,"重力式挡墙","m3/m",{"$nulls":4},932316]
["LJ07050102",null,null,"浆砌片（块）石挡土墙","m3/m",{"$nulls":4},932316]
[null,"209-1-a",null,"浆砌片（块）石挡墙","m3",3472.7,null,null,268.47,932316]
[null,null,"1","K2+928~K3+004",null,1158.4]
[null,null,"2","K3+004~K3+119",null,2314.3]
["103",null,null,"路面工程","km",{"$nulls":4},7959]
["LM02",null,null,"水泥混凝土路面","m2/m3",{"$nulls":4},7959]
[null,"304-2",null,"搭板、埋板下水泥稳定土底基层（4%）","m2",71.2,null,null,111.78,7959]
["104",null,null,"桥梁涵洞工程","km",{"$nulls":4},10214441]
["10401",null,null,"涵洞工程","m/道",{"$nulls":4},920491]
["HD01",null,null,"钢筋混凝土管涵","m/道",{"$nulls":4},202305]
["HD0101",null,null,"1-Ф1.5m以内圆管涵","m/道",{"$nulls":4},202305]
[null,"418-3-c",null,"1-Ф1.5m以内圆管涵","m",227.37,null,null,889.76,202305]
[null,null,"1","K1+520",null,37.6]
[null,null,"2","K4+484",null,34.52]
[null,null,"3","K3+830",null,27.39]
[null,null,"4","K1+320",null,33.23]
[null,null,"5","K3+709",null,27.73]
[null,null,"6","K0+923",null,40.24]
[null,null,"7","K6+245",null,26.66]
["HD02",null,null,"盖板涵","m/道",{"$nulls":4},718186]
["HD0201",null,null,"1-2m以内盖板涵","m/道",{"$nulls":4},289366]
[null,"420-1-b",null,"1-2.00m×2.00m盖板涵","m",111.07,null,null,2605.26,289366]
[null,null,"1","K3+220",null,36.75]
[null,null,"2","K4+970",null,34.8]
[null,null,"3","K5+570",null,39.52]
["HD0202",null,null,"1-4m以内盖板涵","m/道",{"$nulls":4},428820]
[null,"420-1-c",null,"1-4.00m×3.00m盖板涵","m",81.86,null,null,5238.45,428820]
[null,null,"1","K6+782.5",null,41.74]
[null,null,"2","K0+520",null,40.12]
["10402",null,null,"小桥工程（8≤L≤30m,5≤Lk＜20m）","m/座",{"$nulls":4},725649]
["1040203",null,null,"空心板桥","m2/m",{"$nulls":4},725649]
["104020301",null,null,"K0+078小桥",{"$nulls":5},725649]
["QL01",null,null,"基础工程",{"$nulls":5},497871]
[null,"403-1-a",null,"光圆钢筋(HPB235、HPB300)","kg",2019,null,null,6.01,12134]
[null,"403-1-b",null,"带肋钢筋(HRB335、HRB400)","kg",5311,null,null,6.01,31919]
[null,"405-1-a",null,"桩径130cm","m",180,null,null,2231.26,401627]
[null,"410-1-b",null,"C25混凝土","m3",14.6,null,null,464.99,6789]
[null,"410-1-c",null,"C30混凝土","m3",87.5,null,null,518.88,45402]
["QL02",null,null,"下部结构",{"$nulls":5},200223]
[null,"403-2-a",null,"光圆钢筋(HPB235、HPB300)","kg",1891,null,null,6.28,11875]
[null,"403-2-b",null,"带肋钢筋(HRB335、HRB400)","kg",16397,null,null,6.22,101989]
[null,"410-2-a",null,"C25混凝土","m3",29.1,null,null,450.11,13098]
[null,"410-2-b",null,"C30混凝土","m3",202.4,null,null,358.97,72656]
[null,"413-1-a",null,"M7.5浆砌片石","m3",2,null,null,302.4,605]
["QL03",null,null,"上部结构",{"$nulls":5},27555]
[null,"403-3-a",null,"光圆钢筋(HPB235、HPB300)","kg",1627,null,null,6.29,10234]
[null,"410-7-c",null,"C50混凝土","m3",17.3,null,null,1001.23,17321]
["10405",null,null,"特大桥工程（100≤L,40≤Lk）","m/座",{"$nulls":4},8568301]
["1040501",null,null,"×××特大桥工程（××结构类型）","m2/m",{"$nulls":4},8568301]
["QL02",null,null,"下部构造（墩高××m）","m2/m",{"$nulls":4},4464610]
["QL0201",null,null,"桥台（台高××m）","m2/m",{"$nulls":4},1227815]
["QL020101",null,null,"桥台基础","m3/处",{"$nulls":4},915732]
["QL02010101",null,null,"桥台桩基础","m3/处",{"$nulls":4},730768]
[null,"403-1-a",null,"光圆钢筋(HPB235、HPB300)","kg",1112.4,null,null,6.01,6686]
[null,null,"1","0#桥台1#桩",null,126]
[null,null,"2","0#桥台2#桩",null,126]
[null,null,"3","0#桥台3#桩",null,126]
[null,null,"4","0#桥台4#桩",null,126]
[null,null,"5","8#桥台1#桩",null,152.1]
[null,null,"6","8#桥台2#桩",null,152.1]
[null,null,"7","8#桥台3#桩",null,152.1]
[null,null,"8","8#桥台4#桩",null,152.1]
[null,"403-1-b",null,"带肋钢筋(HRB335、HRB400)","kg",29132,null,null,6.01,175083]
[null,null,"1","0#桥台1#桩",null,3573.7]
[null,null,"2","0#桥台2#桩",null,3573.7]
[null,null,"3","0#桥台3#桩",null,3573.7]
[null,null,"4","0#桥台4#桩",null,3573.7]
[null,null,"5","8#桥台1#桩",null,3709.3]
[null,null,"6","8#桥台2#桩",null,3709.3]
[null,null,"7","8#桥台3#桩",null,3709.3]
[null,null,"8","8#桥台4#桩",null,3709.3]
[null,"405-1-b",null,"桩径150cm","m",184,null,null,2983.69,548999]
[null,null,"1","0#桥台3#桩",null,22]
[null,null,"2","8#桥台2#桩",null,24]
[null,null,"3","0#桥台1#桩",null,22]
[null,null,"4","0#桥台2#桩",null,22]
[null,null,"5","8#桥台1#桩",null,24]
[null,null,"6","8#桥台3#桩",null,24]
[null,null,"7","8#桥台4#桩",null,24]
[null,null,"8","0#桥台4#桩",null,22]
["QL02010102",null,null,"桥台承台",{"$nulls":5},184964]
[null,"403-1-b",null,"带肋钢筋(HRB335、HRB400)","kg",17468.6,null,null,6.01,104986]
[null,null,"1","0#桥台承台",null,8734.3]
[null,null,"2","8#桥台承台",null,8734.3]
[null,"410-1-b",null,"C25混凝土","m3",172,null,null,464.99,79978]
[null,null,"1","0#桥台承台",null,86]
[null,null,"2","8#桥台承台",null,86]
["QL020102",null,null,"桥台台身","m3/处",{"$nulls":4},154981]
[null,"403-2-a",null,"光圆钢筋(HPB235、HPB300)","kg",2090.8,null,null,6.28,13130]
[null,null,"1","0#桥台台身",null,830.6]
[null,null,"2","8#桥台台身",null,1260.2]
[null,"403-2-b",null,"带肋钢筋(HRB335、HRB400)","kg",14065.26,null,null,6.22,87486]
[null,null,"1","0#桥台台身",null,8477.68]
[null,null,"2","8#桥台台身",null,5587.58]
[null,"410-2-c",null,"C35混凝土","m3",104.7,null,null,519.25,54365]
[null,null,"1","0#桥台台身",null,36.6]
[null,null,"2","8#桥台台身",null,68.1]
["QL020103",null,null,"桥台耳背墙","m3/处",{"$nulls":4},46924]
[null,"403-2-b",null,"带肋钢筋(HRB335、HRB400)","kg",4877.84,null,null,6.22,30340]
[null,null,"1","0#桥台耳背墙",null,2438.92]
[null,null,"2","8#桥台耳背墙",null,2438.92]
[null,"410-2-b",null,"C30混凝土","m3",46.2,null,null,358.97,16584]
[null,null,"1","0#桥台耳背墙",null,23.1]
[null,null,"2","8#桥台耳背墙",null,23.1]
["QL020104",null,null,"桥台台帽","m3/处",{"$nulls":4},95663]
[null,"403-2-b",null,"带肋钢筋(HRB335、HRB400)","kg",11594,null,null,6.22,72115]
[null,null,"1","8#桥台台帽",null,5797]
[null,null,"2","0#桥台台帽",null,5797]
[null,"410-2-b",null,"C30混凝土","m3",65.6,null,null,358.97,23548]
[null,null,"1","8#桥台台帽",null,32.8]
[null,null,"2","0#桥台台帽",null,32.8]
["QL020105",null,null,"桥台支座垫石、挡块","m3/座",{"$nulls":4},14515]
[null,"403-4-b",null,"带肋钢筋(HRB335、HRB400)","kg",2037.4,null,null,6.4,13039]
[null,null,"1","0#桥台支座垫石、挡块",null,1018.7]
[null,null,"2","8#桥台支座垫石、挡块",null,1018.7]
[null,"410-6-c",null,"C30混凝土","m3",2.2,null,null,526.78,1159]
[null,null,"1","0#桥台支座垫石、挡块",null,1.1]
[null,null,"2","8#桥台支座垫石、挡块",null,1.1]
[null,"410-6-h",null,"C50小石子混凝土","m3",0.6,null,null,527.65,317]
[null,null,"1","0#桥台支座垫石、挡块",null,0.3]
[null,null,"2","8#桥台支座垫石、挡块",null,0.3]
["QL0202",null,null,"桥墩基础","m2/m",{"$nulls":4},3236795]
["QL020201",null,null,"桥墩桩基础","m/根",{"$nulls":4},1926813]
[null,"403-1-a",null,"光圆钢筋(HPB235、HPB300)","kg",2703.4,null,null,6.01,16247]
[null,null,"1","1#桥墩1#桩",null,193.1]
[null,null,"2","1#桥墩2#桩",null,193.1]
[null,null,"3","2#桥墩1#桩",null,193.1]
[null,null,"4","2#桥墩2#桩",null,193.1]
[null,null,"5","3#桥墩1#桩",null,193.1]
[null,null,"6","3#桥墩2#桩",null,193.1]
[null,null,"7","4#桥墩1#桩",null,193.1]
[null,null,"8","4#桥墩2#桩",null,193.1]
[null,null,"9","5#桥墩1#桩",null,193.1]
[null,null,"10","5#桥墩2#桩",null,193.1]
[null,null,"11","6#桥墩1#桩",null,193.1]
[null,null,"12","6#桥墩2#桩",null,193.1]
[null,null,"13","7#桥墩1#桩",null,193.1]
[null,null,"14","7#桥墩2#桩",null,193.1]
[null,"403-1-b",null,"带肋钢筋(HRB335、HRB400)","kg",64867.6,null,null,6.01,389854]
[null,null,"1","1#桥墩1#桩",null,4633.4]
[null,null,"2","1#桥墩2#桩",null,4633.4]
[null,null,"3","2#桥墩1#桩",null,4633.4]
[null,null,"4","2#桥墩2#桩",null,4633.4]
[null,null,"5","3#桥墩1#桩",null,4633.4]
[null,null,"6","3#桥墩2#桩",null,4633.4]
[null,null,"7","4#桥墩1#桩",null,4633.4]
[null,null,"8","4#桥墩2#桩",null,4633.4]
[null,null,"9","5#桥墩1#桩",null,4633.4]
[null,null,"10","5#桥墩2#桩",null,4633.4]
[null,null,"11","6#桥墩1#桩",null,4633.4]
[null,null,"12","6#桥墩2#桩",null,4633.4]
[null,null,"13","7#桥墩1#桩",null,4633.4]
[null,null,"14","7#桥墩2#桩",null,4633.4]
[null,"405-1-c",null,"桩径160m","m",364,null,null,4177.78,1520712]
[null,null,"1","1#桥墩1#桩",null,26]
[null,null,"2","1#桥墩2#桩",null,26]
[null,null,"3","2#桥墩1#桩",null,26]
[null,null,"4","2#桥墩2#桩",null,26]
[null,null,"5","3#桥墩1#桩",null,26]
[null,null,"6","3#桥墩2#桩",null,26]
[null,null,"7","4#桥墩1#桩",null,26]
[null,null,"8","4#桥墩2#桩",null,26]
[null,null,"9","5#桥墩1#桩",null,26]
[null,null,"10","5#桥墩2#桩",null,26]
[null,null,"11","6#桥墩1#桩",null,26]
[null,null,"12","6#桥墩2#桩",null,26]
[null,null,"13","7#桥墩1#桩",null,26]
[null,null,"14","7#桥墩2#桩",null,26]
["QL020202",null,null,"桥墩承台",{"$nulls":5},302358]
[null,"403-1-b",null,"带肋钢筋(HRB335、HRB400)","kg",29579.9,null,null,6.01,177775]
[null,null,"1","7#桥墩承台",null,4225.7]
[null,null,"2","1#桥墩承台",null,4225.7]
[null,null,"3","2#桥墩承台",null,4225.7]
[null,null,"4","3#桥墩承台",null,4225.7]
[null,null,"5","4#桥墩承台",null,4225.7]
[null,null,"6","6#桥墩承台",null,4225.7]
[null,null,"7","5#桥墩承台",null,4225.7]
[null,"410-1-c",null,"C30混凝土","m3",240.1,null,null,518.88,124583]
[null,null,"1","3#桥墩承台",null,34.3]
[null,null,"2","7#桥墩承台",null,34.3]
[null,null,"3","1#桥墩承台",null,34.3]
[null,null,"4","2#桥墩承台",null,34.3]
[null,null,"5","4#桥墩承台",null,34.3]
[null,null,"6","6#桥墩承台",null,34.3]
[null,null,"7","5#桥墩承台",null,34.3]
["QL020203",null,null,"桥墩墩柱",{"$nulls":5},487372]
[null,"403-2-b",null,"带肋钢筋(HRB335、HRB400)","kg",54864.2,null,null,6.22,341255]
[null,null,"1","1#桥墩墩柱",null,9258.9]
[null,null,"2","2#桥墩墩柱",null,10933.7]
[null,null,"3","3#桥墩墩柱",null,10548.2]
[null,null,"4","4#桥墩墩柱",null,7733.9]
[null,null,"5","5#桥墩墩柱",null,6768.1]
[null,null,"6","6#桥墩墩柱",null,4161.1]
[null,null,"7","7#桥墩墩柱",null,5460.3]
[null,"410-2-c",null,"C35混凝土","m3",281.4,null,null,519.25,146117]
[null,null,"1","1#桥墩墩柱",null,45.7]
[null,null,"2","2#桥墩墩柱",null,61]
[null,null,"3","3#桥墩墩柱",null,57.6]
[null,null,"4","4#桥墩墩柱",null,44.9]
[null,null,"5","5#桥墩墩柱",null,36.1]
[null,null,"6","6#桥墩墩柱",null,12.1]
[null,null,"7","7#桥墩墩柱",null,24]
["QL020204",null,null,"桥墩盖梁",{"$nulls":5},450939]
[null,"403-2-b",null,"带肋钢筋(HRB335、HRB400)","kg",53106.9,null,null,6.22,330325]
[null,null,"1","1#桥墩盖梁",null,7586.7]
[null,null,"2","2#桥墩盖梁",null,7586.7]
[null,null,"3","3#桥墩盖梁",null,7586.7]
[null,null,"4","4#桥墩盖梁",null,7586.7]
[null,null,"5","5#桥墩盖梁",null,7586.7]
[null,null,"6","6#桥墩盖梁",null,7586.7]
[null,null,"7","7#桥墩盖梁",null,7586.7]
[null,"410-2-b",null,"C30混凝土","m3",336,null,null,358.97,120614]
[null,null,"1","7#桥墩承台",null,48]
[null,null,"2","1#桥墩承台",null,48]
[null,null,"3","2#桥墩承台",null,48]
[null,null,"4","3#桥墩承台",null,48]
[null,null,"5","4#桥墩承台",null,48]
[null,null,"6","6#桥墩承台",null,48]
[null,null,"7","5#桥墩承台",null,48]
["QL020205",null,null,"桥墩支座垫石、挡块",{"$nulls":5},45575]
[null,"403-4-b",null,"带肋钢筋(HRB335、HRB400)","kg",6459.3,null,null,6.4,41340]
[null,null,"1","1#桥墩挡块",null,776.6]
[null,null,"2","2#桥墩挡块",null,776.6]
[null,null,"3","3#桥墩挡块",null,776.6]
[null,null,"4","4#桥墩挡块",null,441.9]
[null,null,"5","5#桥墩挡块",null,776.6]
[null,null,"6","6#桥墩挡块",null,776.6]
[null,null,"7","7#桥墩挡块",null,776.6]
[null,null,"8","1#桥墩支座垫石",null,180.1]
[null,null,"9","2#桥墩支座垫石",null,180.1]
[null,null,"10","3#桥墩支座垫石",null,180.1]
[null,null,"11","4#桥墩支座垫石",null,277.2]
[null,null,"12","5#桥墩支座垫石",null,180.1]
[null,null,"13","6#桥墩支座垫石",null,180.1]
[null,null,"14","7#桥墩支座垫石",null,180.1]
[null,"410-6-c",null,"C30混凝土","m3",8.04,null,null,526.78,4235]
[null,null,"1","1#桥墩挡块",null,1.2]
[null,null,"2","2#桥墩挡块",null,1.2]
[null,null,"3","3#桥墩挡块",null,1.2]
[null,null,"4","4#桥墩挡块",null,0.84]
[null,null,"5","5#桥墩挡块",null,1.2]
[null,null,"6","6#桥墩挡块",null,1.2]
[null,null,"7","7#桥墩挡块",null,1.2]
["QL020206",null,null,"桥墩防震锚栓",{"$nulls":5},23738]
[null,"403-2-b",null,"带肋钢筋(HRB335、HRB400)","kg",3816.4,null,null,6.22,23738]
[null,null,"1","1#桥墩防震锚栓",null,545.2]
[null,null,"2","2#桥墩防震锚栓",null,545.2]
[null,null,"3","3#桥墩防震锚栓",null,545.2]
[null,null,"4","4#桥墩防震锚栓",null,545.2]
[null,null,"5","5#桥墩防震锚栓",null,545.2]
[null,null,"6","6#桥墩防震锚栓",null,545.2]
[null,null,"7","7#桥墩防震锚栓",null,545.2]
["QL03",null,null,"上部构造","m2/m",{"$nulls":4},3990591]
["QL0301",null,null,"钢筋混凝土矩形板",{"$nulls":5},3186356]
["QL030701",null,null,"边跨边梁",{"$nulls":5},341608]
[null,"403-3-a",null,"光圆钢筋(HPB235、HPB300)","kg",5880,null,null,6.29,36985]
[null,null,"1","8-4边跨边梁",null,1470]
[null,null,"2","1-1边跨边梁",null,1470]
[null,null,"3","8-1边跨边梁",null,1470]
[null,null,"4","1-4边跨边梁",null,1470]
[null,"403-3-b",null,"带肋钢筋(HRB335、HRB400)","kg",22464,null,null,6.29,141299]
[null,null,"1","8-4边跨边梁",null,5616]
[null,null,"2","8-1边跨边梁",null,5616]
[null,null,"3","1-4边跨边梁",null,5616]
[null,null,"4","1-1边跨边梁",null,5616]
[null,"411-7-a",null,"C50混凝土","m3",145.2,null,null,1124.82,163324]
[null,null,"1","8-4边跨边梁",null,36.3]
[null,null,"2","8-1边跨边梁",null,36.3]
[null,null,"3","1-4边跨边梁",null,36.3]
[null,null,"4","1-1边跨边梁",null,36.3]
["QL030702",null,null,"边跨中梁",{"$nulls":5},308088]
[null,"403-3-a",null,"光圆钢筋(HPB235、HPB300)","kg",5520,null,null,6.29,34721]
[null,null,"1","1-3边跨中梁",null,1380]
[null,null,"2","1-2边跨中梁",null,1380]
[null,null,"3","8-2边跨中梁",null,1380]
[null,null,"4","8-3边跨中梁",null,1380]
[null,"403-3-b",null,"带肋钢筋(HRB335、HRB400)","kg",19140,null,null,6.29,120391]
[null,null,"1","8-2边跨中梁",null,4785]
[null,null,"2","1-3边跨中梁",null,4785]
[null,null,"3","1-2边跨中梁",null,4785]
[null,null,"4","8-3边跨中梁",null,4785]
[null,"411-7-a",null,"C50混凝土","m3",136,null,null,1124.82,152976]
[null,null,"1","8-3边跨中梁",null,34]
[null,null,"2","8-2边跨中梁",null,34]
[null,null,"3","1-3边跨中梁",null,34]
[null,null,"4","1-2边跨中梁",null,34]
["QL030703",null,null,"中跨边梁",{"$nulls":5},1031487]
[null,"403-3-a",null,"光圆钢筋(HPB235、HPB300)","kg",17832,null,null,6.29,112163]
[null,null,"1","3-1中跨边梁",null,1486]
[null,null,"2","4-4中跨边梁",null,1486]
[null,null,"3","2-4中跨边梁",null,1486]
[null,null,"4","3-4中跨边梁",null,1486]
[null,null,"5","4-1中跨边梁",null,1486]
[null,null,"6","5-4中跨边梁",null,1486]
[null,null,"7","6-1中跨边梁",null,1486]
[null,null,"8","6-4中跨边梁",null,1486]
[null,null,"9","2-1中跨边梁",null,1486]
[null,null,"10","7-1中跨边梁",null,1486]
[null,null,"11","7-4中跨边梁",null,1486]
[null,null,"12","5-1中跨边梁",null,1486]
[null,"403-3-b",null,"带肋钢筋(HRB335、HRB400)","kg",70620,null,null,6.29,444200]
[null,null,"1","2-4中跨边梁",null,5885]
[null,null,"2","2-1中跨边梁",null,5885]
[null,null,"3","3-1中跨边梁",null,5885]
[null,null,"4","3-4中跨边梁",null,5885]
[null,null,"5","4-1中跨边梁",null,5885]
[null,null,"6","4-4中跨边梁",null,5885]
[null,null,"7","5-4中跨边梁",null,5885]
[null,null,"8","6-1中跨边梁",null,5885]
[null,null,"9","6-4中跨边梁",null,5885]
[null,null,"10","7-1中跨边梁",null,5885]
[null,null,"11","7-4中跨边梁",null,5885]
[null,null,"12","5-1中跨边梁",null,5885]
[null,"411-7-a",null,"C50混凝土","m3",422.4,null,null,1124.82,475124]
[null,null,"1","5-1中跨边梁",null,35.2]
[null,null,"2","2-1中跨边梁",null,35.2]
[null,null,"3","2-4中跨边梁",null,35.2]
[null,null,"4","3-1中跨边梁",null,35.2]
[null,null,"5","3-4中跨边梁",null,35.2]
[null,null,"6","7-4中跨边梁",null,35.2]
[null,null,"7","4-4中跨边梁",null,35.2]
[null,null,"8","5-4中跨边梁",null,35.2]
[null,null,"9","6-1中跨边梁",null,35.2]
[null,null,"10","6-4中跨边梁",null,35.2]
[null,null,"11","7-1中跨边梁",null,35.2]
[null,null,"12","4-1中跨边梁",null,35.2]
["QL030704",null,null,"中跨中梁",{"$nulls":5},919807]
[null,"403-3-a",null,"光圆钢筋(HPB235、HPB300)","kg",16764,null,null,6.29,105446]
[null,null,"1","5-3中跨中梁",null,1397]
[null,null,"2","2-3中跨中梁",null,1397]
[null,null,"3","3-2中跨中梁",null,1397]
[null,null,"4","3-3中跨中梁",null,1397]
[null,null,"5","4-2中跨中梁",null,1397]
[null,null,"6","2-2中跨中梁",null,1397]
[null,null,"7","6-2中跨中梁",null,1397]
[null,null,"8","6-3中跨中梁",null,1397]
[null,null,"9","7-2中跨中梁",null,1397]
[null,null,"10","7-3中跨中梁",null,1397]
[null,null,"11","4-3中跨中梁",null,1397]
[null,null,"12","5-2中跨中梁",null,1397]
[null,"403-3-b",null,"带肋钢筋(HRB335、HRB400)","kg",60156,null,null,6.29,378381]
[null,null,"1","2-3中跨中梁",null,5013]
[null,null,"2","2-2中跨中梁",null,5013]
[null,null,"3","3-2中跨中梁",null,5013]
[null,null,"4","3-3中跨中梁",null,5013]
[null,null,"5","4-2中跨中梁",null,5013]
[null,null,"6","4-3中跨中梁",null,5013]
[null,null,"7","5-3中跨中梁",null,5013]
[null,null,"8","6-2中跨中梁",null,5013]
[null,null,"9","6-3中跨中梁",null,5013]
[null,null,"10","7-3中跨中梁",null,5013]
[null,null,"11","7-2中跨中梁",null,5013]
[null,null,"12","5-2中跨中梁",null,5013]
[null,"411-7-a",null,"C50混凝土","m3",387.6,null,null,1124.82,435980]
[null,null,"1","5-3中跨中梁",null,32.3]
[null,null,"2","2-2中跨中梁",null,32.3]
[null,null,"3","2-3中跨中梁",null,32.3]
[null,null,"4","3-2中跨中梁",null,32.3]
[null,null,"5","3-3中跨中梁",null,32.3]
[null,null,"6","4-2中跨中梁",null,32.3]
[null,null,"7","7-3中跨中梁",null,32.3]
[null,null,"8","5-2中跨中梁",null,32.3]
[null,null,"9","6-2中跨中梁",null,32.3]
[null,null,"10","6-3中跨中梁",null,32.3]
[null,null,"11","7-2中跨中梁",null,32.3]
[null,null,"12","4-3中跨中梁",null,32.3]
["QL030705",null,null,"梁端封锚",{"$nulls":5},29023]
[null,"403-3-a",null,"光圆钢筋(HPB235、HPB300)","kg",47.64,null,null,6.29,300]
[null,null,"1","8#桥台梁端封锚钢筋",null,23.82]
[null,null,"2","0#桥台梁端封锚钢筋",null,23.82]
[null,"403-3-b",null,"带肋钢筋(HRB335、HRB400)","kg",4566.48,null,null,6.29,28723]
[null,null,"1","第1跨梁端加强钢筋",null,570.81]
[null,null,"2","第2跨梁端加强钢筋",null,570.81]
[null,null,"3","第3跨梁端加强钢筋",null,570.81]
[null,null,"4","第4跨梁端加强钢筋",null,570.81]
[null,null,"5","第5跨梁端加强钢筋",null,570.81]
[null,null,"6","第6跨梁端加强钢筋",null,570.81]
[null,null,"7","第7跨梁端加强钢筋",null,570.81]
[null,null,"8","第8跨梁端加强钢筋",null,570.81]
["QL030706",null,null,"现浇湿接缝",{"$nulls":5},348370]
[null,"403-3-a",null,"光圆钢筋(HPB235、HPB300)","kg",8129.6,null,null,6.29,51135]
[null,null,"1","第1跨现浇湿接缝",null,1016.2]
[null,null,"2","第2跨现浇湿接缝",null,1016.2]
[null,null,"3","第3跨现浇湿接缝",null,1016.2]
[null,null,"4","第4跨现浇湿接缝",null,1016.2]
[null,null,"5","第5跨现浇湿接缝",null,1016.2]
[null,null,"6","第6跨现浇湿接缝",null,1016.2]
[null,null,"7","第7跨现浇湿接缝",null,1016.2]
[null,null,"8","第8跨现浇湿接缝",null,1016.2]
[null,"403-3-b",null,"带肋钢筋(HRB335、HRB400)","kg",24508.48,null,null,6.29,154158]
[null,null,"1","第1跨现浇湿接缝",null,3063.56]
[null,null,"2","第2跨现浇湿接缝",null,3063.56]
[null,null,"3","第3跨现浇湿接缝",null,3063.56]
[null,null,"4","第4跨现浇湿接缝",null,3063.56]
[null,null,"5","第5跨现浇湿接缝",null,3063.56]
[null,null,"6","第6跨现浇湿接缝",null,3063.56]
[null,null,"7","第7跨现浇湿接缝",null,3063.56]
[null,null,"8","第8跨现浇湿接缝",null,3063.56]
[null,"411-7-a",null,"C50混凝土","m3",127.2,null,null,1124.82,143077]
[null,null,"1","第1跨现浇湿接缝",null,15.9]
[null,null,"2","第2跨现浇湿接缝",null,15.9]
[null,null,"3","第3跨现浇湿接缝",null,15.9]
[null,null,"4","第4跨现浇湿接缝",null,15.9]
[null,null,"5","第5跨现浇湿接缝",null,15.9]
[null,null,"6","第6跨现浇湿接缝",null,15.9]
[null,null,"7","第7跨现浇湿接缝",null,15.9]
[null,null,"8","第8跨现浇湿接缝",null,15.9]
["QL030707",null,null,"端横梁",{"$nulls":5},8489]
[null,"403-3-a",null,"光圆钢筋(HPB235、HPB300)","kg",513.68,null,null,6.29,3231]
[null,null,"1","8#桥台端横梁",null,256.84]
[null,null,"2","0#桥台端横梁",null,256.84]
[null,"403-3-b",null,"带肋钢筋(HRB335、HRB400)","kg",621.34,null,null,6.29,3908]
[null,null,"1","8#桥台端横梁",null,310.67]
[null,null,"2","0#桥台端横梁",null,310.67]
[null,"411-7-a",null,"C50混凝土","m3",1.2,null,null,1124.82,1350]
[null,null,"1","8#桥台端横梁",null,0.6]
[null,null,"2","0#桥台端横梁",null,0.6]
["QL030708",null,null,"中横梁",{"$nulls":5},110978]
[null,"403-3-a",null,"光圆钢筋(HPB235、HPB300)","kg",1588.58,null,null,6.29,9992]
[null,null,"1","1#桥墩中横梁",null,226.94]
[null,null,"2","2#桥墩中横梁",null,226.94]
[null,null,"3","3#桥墩中横梁",null,226.94]
[null,null,"4","4#桥墩中横梁",null,226.94]
[null,null,"5","5#桥墩中横梁",null,226.94]
[null,null,"6","6#桥墩中横梁",null,226.94]
[null,null,"7","7#桥墩中横梁",null,226.94]
[null,"403-3-b",null,"带肋钢筋(HRB335、HRB400)","kg",4914.07,null,null,6.29,30910]
[null,null,"1","1#桥墩中横梁",null,702.01]
[null,null,"2","2#桥墩中横梁",null,702.01]
[null,null,"3","3#桥墩中横梁",null,702.01]
[null,null,"4","4#桥墩中横梁",null,702.01]
[null,null,"5","5#桥墩中横梁",null,702.01]
[null,null,"6","6#桥墩中横梁",null,702.01]
[null,null,"7","7#桥墩中横梁",null,702.01]
[null,"411-7-a",null,"C50混凝土","m3",62.3,null,null,1124.82,70076]
[null,null,"1","1#桥墩中横梁",null,8.9]
[null,null,"2","2#桥墩中横梁",null,8.9]
[null,null,"3","3#桥墩中横梁",null,8.9]
[null,null,"4","4#桥墩中横梁",null,8.9]
[null,null,"5","5#桥墩中横梁",null,8.9]
[null,null,"6","6#桥墩中横梁",null,8.9]
[null,null,"7","7#桥墩中横梁",null,8.9]
["QL030708",null,null,"跨中横隔板",{"$nulls":5},74097]
[null,"403-3-a",null,"光圆钢筋(HPB235、HPB300)","kg",2164.32,null,null,6.29,13614]
[null,null,"1","第1跨跨中横隔板",null,270.54]
[null,null,"2","第2跨跨中横隔板",null,270.54]
[null,null,"3","第3跨跨中横隔板",null,270.54]
[null,null,"4","第4跨跨中横隔板",null,270.54]
[null,null,"5","第5跨跨中横隔板",null,270.54]
[null,null,"6","第6跨跨中横隔板",null,270.54]
[null,null,"7","第7跨跨中横隔板",null,270.54]
[null,null,"8","第8跨跨中横隔板",null,270.54]
[null,"403-3-b",null,"带肋钢筋(HRB335、HRB400)","kg",8714.4,null,null,6.29,54814]
[null,null,"1","第1跨跨中横隔板",null,1089.3]
[null,null,"2","第2跨跨中横隔板",null,1089.3]
[null,null,"3","第3跨跨中横隔板",null,1089.3]
[null,null,"4","第4跨跨中横隔板",null,1089.3]
[null,null,"5","第5跨跨中横隔板",null,1089.3]
[null,null,"6","第6跨跨中横隔板",null,1089.3]
[null,null,"7","第7跨跨中横隔板",null,1089.3]
[null,null,"8","第8跨跨中横隔板",null,1089.3]
[null,"411-7-a",null,"C50混凝土","m3",5.04,null,null,1124.82,5669]
[null,null,"1","第1跨跨中横隔板",null,0.63]
[null,null,"2","第2跨跨中横隔板",null,0.63]
[null,null,"3","第3跨跨中横隔板",null,0.63]
[null,null,"4","第4跨跨中横隔板",null,0.63]
[null,null,"5","第5跨跨中横隔板",null,0.63]
[null,null,"6","第6跨跨中横隔板",null,0.63]
[null,null,"7","第7跨跨中横隔板",null,0.63]
[null,null,"8","第8跨跨中横隔板",null,0.63]
["QL030708",null,null,"预制堵头板",{"$nulls":5},14409]
[null,"403-3-a",null,"光圆钢筋(HPB235、HPB300)","kg",874.4,null,null,6.29,5500]
[null,null,"1","第1跨预制堵头板",null,109.3]
[null,null,"2","第2跨预制堵头板",null,109.3]
[null,null,"3","第3跨预制堵头板",null,109.3]
[null,null,"4","第4跨预制堵头板",null,109.3]
[null,null,"5","第5跨预制堵头板",null,109.3]
[null,null,"6","第6跨预制堵头板",null,109.3]
[null,null,"7","第7跨预制堵头板",null,109.3]
[null,null,"8","第8跨预制堵头板",null,109.3]
[null,"411-7-a",null,"C50混凝土","m3",7.92,null,null,1124.82,8909]
[null,null,"1","第8跨预制堵头板",null,0.99]
[null,null,"2","第7跨预制堵头板",null,0.99]
[null,null,"3","第6跨预制堵头板",null,0.99]
[null,null,"4","第5跨预制堵头板",null,0.99]
[null,null,"5","第4跨预制堵头板",null,0.99]
[null,null,"6","第3跨预制堵头板",null,0.99]
[null,null,"7","第2跨预制堵头板",null,0.99]
[null,null,"8","第1跨预制堵头板",null,0.99]
["QL0308",null,null,"负弯矩区钢束槽口封口",{"$nulls":5},113212]
[null,"403-3-b",null,"带肋钢筋(HRB335、HRB400)","kg",11704,null,null,6.29,73618]
[null,null,"1","第3跨负弯距区钢束槽口封口",null,1463]
[null,null,"2","第8跨负弯距区钢束槽口封口",null,1463]
[null,null,"3","第2跨负弯距区钢束槽口封口",null,1463]
[null,null,"4","第1跨负弯距区钢束槽口封口砼",null,1463]
[null,null,"5","第5跨负弯距区钢束槽口封口砼",null,1463]
[null,null,"6","第7跨负弯距区钢束槽口封口",null,1463]
[null,null,"7","第6跨负弯距区钢束槽口封口",null,1463]
[null,null,"8","第4跨负弯距区钢束槽口封口",null,1463]
[null,"411-7-a",null,"C50混凝土","m3",35.2,null,null,1124.82,39594]
[null,null,"1","第1跨负弯矩区钢束槽口封口",null,4.4]
[null,null,"2","第2跨负弯矩区钢束槽口封口",null,4.4]
[null,null,"3","第3跨负弯矩区钢束槽口封口",null,4.4]
[null,null,"4","第4跨负弯矩区钢束槽口封口",null,4.4]
[null,null,"5","第5跨负弯矩区钢束槽口封口",null,4.4]
[null,null,"6","第6跨负弯矩区钢束槽口封口",null,4.4]
[null,null,"7","第7跨负弯矩区钢束槽口封口",null,4.4]
[null,null,"8","第8跨负弯矩区钢束槽口封口",null,4.4]
["QL0309",null,null,"预应力钢束",{"$nulls":5},691023]
[null,"411-5",null,"后张法预应力钢绞线","kg",45492,null,null,15.19,691023]
[null,null,"1","第8跨正弯矩预应力钢束",null,4900]
[null,null,"2","第4跨负弯矩预应力钢束",null,1372]
[null,null,"3","第2跨正弯矩预应力钢束",null,4348]
[null,null,"4","第2跨负弯矩预应力钢束",null,1372]
[null,null,"5","第1跨负弯矩预应力钢束",null,686]
[null,null,"6","第3跨正弯矩预应力钢束",null,4348]
[null,null,"7","第3跨负弯矩预应力钢束",null,1372]
[null,null,"8","第4跨正弯矩预应力钢束",null,4348]
[null,null,"9","第5跨正弯矩预应力钢束",null,4348]
[null,null,"10","第5跨负弯矩预应力钢束",null,1372]
[null,null,"11","第6跨正弯矩预应力钢束",null,4348]
[null,null,"12","第6跨负弯矩预应力钢束",null,1372]
[null,null,"13","第7跨负弯矩预应力钢束",null,1372]
[null,null,"14","第8跨负弯矩预应力钢束",null,686]
[null,null,"15","第1跨正弯矩预应力钢束",null,4900]
[null,null,"16","第7跨正弯矩预应力钢束",null,4348]
["QL06",null,null,"其他工程","m2/m",{"$nulls":4},113100]
[null,"403-4-a",null,"光圆钢筋(HPB235、HPB300)","kg",122.74,null,null,6.5,798]
[null,null,"1","0#桥台桥头搭板",null,61.37]
[null,null,"2","8#桥台桥头搭板",null,61.37]
[null,"403-4-b",null,"带肋钢筋(HRB335、HRB400)","kg",6271.7,null,null,6.4,40139]
[null,null,"1","0#桥台桥头搭板",null,3135.85]
[null,null,"2","8#桥台桥头搭板",null,3135.85]
[null,"410-6-c",null,"C30混凝土","m3",61.6,null,null,526.78,32450]
[null,null,"1","0#桥台桥头搭板",null,30.8]
[null,null,"2","8#桥台桥头搭板",null,30.8]
[null,"413-1-a",null,"M7.5浆砌片石","m3",46.67,null,null,302.4,14113]
[null,null,"1","0#桥台锥坡、护坡",null,13.57]
[null,null,"2","0#桥台踏步",null,10.76]
[null,null,"3","8#桥台锥坡、护坡",null,12.56]
[null,null,"4","8#桥台踏步",null,9.78]
[null,"417-5-a",null,"(20cm×20cm×3cm)","块",64,null,null,400,25600]
["110",null,null,"专项费用","元"]
["11001",null,null,"施工场地建设费","元"]
["11002",null,null,"安全生产费","元"]
["2",null,null,"第二部分 土地使用及拆迁补偿费","公路公里"]

{"sheet":"18编办工程量清单模式示例","index":1,"n_rows":183,"n_cols":12,"rows_kept":183,"cut":false,"hidden":false,"merged":[]}
["项目节编号","清单子目号","计量单元","名称","单位","清单数量","设计数量1","设计数量2","单价","合价","图号","备注"]
["1",null,null,"第一部分 建筑安装工程费","公路公里",{"$nulls":4},31716142]
["101",null,null,"临时工程","公路公里",{"$nulls":4},5157565]
[null,"101-1-a",null,"按合同条款规定,提供建筑工程一切险","总额",1,null,null,1569830,1569830]
[null,"101-1-b",null,"按合同条款规定,提供第三方责任险","总额",1,null,null,60000,60000]
[null,"102-1",null,"竣工文件","总额",1,null,null,200000,200000]
[null,"102-3",null,"安全生产费","总额",1,null,null,500000,500000]
[null,"102-4",null,"纵横工程管理软件(暂估价)","总额",1,null,null,100000,100000]
[null,"103-1-a",null,"临时道路","总额",1,null,null,1628162,1628162]
[null,"103-2",null,"临时用地","总额",1,null,null,57350,57350]
[null,"103-3-a",null,"设施架设、拆除","总额",1,null,null,941452,941452]
[null,"103-3-b",null,"设施维护","总额",1,null,null,50000,50000]
[null,"103-4",null,"电信设施的提供、维修与拆除","总额",1,null,null,50771,50771]
["102",null,null,"路基工程","km",{"$nulls":4},16336177]
["LJ02",null,null,"路基挖方","m3",{"$nulls":4},3947329]
["LJ0201",null,null,"挖土方","m3",{"$nulls":4},3947329]
["LJ020101",null,null,"挖路基土方","m3",{"$nulls":4},3947329]
[null,"203-1-a",null,"挖土方","m3",524213.67,null,null,7.53,3947329]
["LJ03",null,null,"路基填方","m3",{"$nulls":4},4485992]
["LJ0301",null,null,"利用土方填筑","m3",{"$nulls":4},315173]
[null,"204-1-b",null,"利用土方","m3",46900.67,null,null,6.72,315173]
["LJ0302",null,null,"借土方填筑","m3",{"$nulls":4},4170819]
[null,"204-1-e",null,"借土填方","m3",246066,null,null,16.95,4170819]
["LJ05",null,null,"特殊路基处理","km",{"$nulls":4},4162248]
["LJ0501",null,null,"软土地区路基处理","km/m2",{"$nulls":4},4162248]
["LJ050101",null,null,"抛石挤淤","m3/m2",{"$nulls":4},4162248]
[null,"203-1-d",null,"挖淤泥","m3",51899.4,null,null,17.03,883847]
[null,"204-1-j",null,"回填片石","m3",27238.4,null,null,107.78,2935755]
[null,"205-1-o",null,"单向格栅","m2",16350,null,null,14.96,244596]
[null,"204-1-g",null,"回填粗粒土","m3",10600,null,null,9.25,98050]
["LJ06",null,null,"排水工程","km",{"$nulls":4},2191473]
["LJ0601",null,null,"边沟","m3/m",{"$nulls":4},177552]
["LJ060103",null,null,"浆砌片块石边沟","m3/m",{"$nulls":4},177552]
[null,"207-1-b",null,"M7.5浆砌片石边沟","m3",1620,null,null,109.6,177552]
["LJ0602",null,null,"排水沟","m3/m",{"$nulls":4},967976]
["LJ060203",null,null,"浆砌片石排水沟","m3/m",{"$nulls":4},967976]
[null,"207-2-a",null,"M7.5浆砌片石排水沟","m",7388,null,null,131.02,967976]
["LJ0603",null,null,"截水沟","m3/m",{"$nulls":4},586819]
["LJ060301",null,null,"浆砌片石截水沟","m3/m",{"$nulls":4},586819]
[null,"207-3-a",null,"M7.5浆砌片石截水沟","m",1690,null,null,347.23,586819]
["LJ0604",null,null,"急流槽","m3/m",{"$nulls":4},459126]
["LJ060402",null,null,"浆砌片石急流槽","m3/m",{"$nulls":4},459126]
[null,"207-4-a",null,"M7.5浆砌片石急流槽","m3",1559,null,null,294.5,459126]
["LJ07",null,null,"路基防护与加固工程","km",{"$nulls":4},1549135]
["LJ0702",null,null,"高边坡防护与加固","km/m2",{"$nulls":4},616819]
["LJ070201",null,null,"坡面植物防护","m2",{"$nulls":4},285728]
[null,"208-1-a",null,"植草","m2",86062.5,null,null,3.32,285728]
["LJ070202",null,null,"坡面圬工防护","m3/m2",{"$nulls":4},331091]
[null,"208-3-a",null,"拱形浆砌片石护坡","m3",2616.7,null,null,126.53,331091]
["LJ0705",null,null,"挡土墙","m3/m",{"$nulls":4},932316]
["LJ070501",null,null,"重力式挡墙","m3/m",{"$nulls":4},932316]
["LJ07050102",null,null,"浆砌片（块）石挡土墙","m3/m",{"$nulls":4},932316]
[null,"209-1-a",null,"浆砌片（块）石挡墙","m3",3472.7,null,null,268.47,932316]
["103",null,null,"路面工程","km",{"$nulls":4},7959]
["LM02",null,null,"水泥混凝土路面","m2/m3",{"$nulls":4},7959]
[null,"304-2",null,"搭板、埋板下水泥稳定土底基层（4%）","m2",71.2,null,null,111.78,7959]
["104",null,null,"桥梁涵洞工程","km",{"$nulls":4},10214441]
["10401",null,null,"涵洞工程","m/道",{"$nulls":4},920491]
["HD01",null,null,"钢筋混凝土管涵","m/道",{"$nulls":4},202305]
["HD0101",null,null,"1-Ф1.5m以内圆管涵","m/道",{"$nulls":4},202305]
[null,"418-3-c",null,"1-Ф1.5m以内圆管涵","m",227.37,null,null,889.76,202305]
["HD02",null,null,"盖板涵","m/道",{"$nulls":4},718186]
["HD0201",null,null,"1-2m以内盖板涵","m/道",{"$nulls":4},289366]
[null,"420-1-b",null,"1-2.00m×2.00m盖板涵","m",111.07,null,null,2605.26,289366]
["HD0202",null,null,"1-4m以内盖板涵","m/道",{"$nulls":4},428820]
[null,"420-1-c",null,"1-4.00m×3.00m盖板涵","m",81.86,null,null,5238.45,428820]
["10402",null,null,"小桥工程（8≤L≤30m,5≤Lk＜20m）","m/座",{"$nulls":4},725649]
["1040203",null,null,"空心板桥","m2/m",{"$nulls":4},725649]
["104020301",null,null,"K0+078小桥",{"$nulls":5},725649]
["QL01",null,null,"基础工程",{"$nulls":5},497871]
[null,"403-1-a",null,"光圆钢筋(HPB235、HPB300)","kg",2019,null,null,6.01,12134]
[null,"403-1-b",null,"带肋钢筋(HRB335、HRB400)","kg",5311,null,null,6.01,31919]
[null,"405-1-a",null,"桩径130cm","m",180,null,null,2231.26,401627]
[null,"410-1-b",null,"C25混凝土","m3",14.6,null,null,464.99,6789]
[null,"410-1-c",null,"C30混凝土","m3",87.5,null,null,518.88,45402]
["QL02",null,null,"下部结构",{"$nulls":5},200223]
[null,"403-2-a",null,"光圆钢筋(HPB235、HPB300)","kg",1891,null,null,6.28,11875]
[null,"403-2-b",null,"带肋钢筋(HRB335、HRB400)","kg",16397,null,null,6.22,101989]
[null,"410-2-a",null,"C25混凝土","m3",29.1,null,null,450.11,13098]
[null,"410-2-b",null,"C30混凝土","m3",202.4,null,null,358.97,72656]
[null,"413-1-a",null,"M7.5浆砌片石","m3",2,null,null,302.4,605]
["QL03",null,null,"上部结构",{"$nulls":5},27555]
[null,"403-3-a",null,"光圆钢筋(HPB235、HPB300)","kg",1627,null,null,6.29,10234]
[null,"410-7-c",null,"C50混凝土","m3",17.3,null,null,1001.23,17321]
["10405",null,null,"特大桥工程（100≤L,40≤Lk）","m/座",{"$nulls":4},8568301]
["1040501",null,null,"×××特大桥工程（××结构类型）","m2/m",{"$nulls":4},8568301]
["QL02",null,null,"下部构造（墩高××m）","m2/m",{"$nulls":4},4464610]
["QL0201",null,null,"桥台（台高××m）","m2/m",{"$nulls":4},1227815]
["QL020101",null,null,"桥台基础","m3/处",{"$nulls":4},915732]
["QL02010101",null,null,"桥台桩基础","m3/处",{"$nulls":4},730768]
[null,"403-1-a",null,"光圆钢筋(HPB235、HPB300)","kg",1112.4,null,null,6.01,6686]
[null,"403-1-b",null,"带肋钢筋(HRB335、HRB400)","kg",29132,null,null,6.01,175083]
[null,"405-1-b",null,"桩径150cm","m",184,null,null,2983.69,548999]
["QL02010102",null,null,"桥台承台",{"$nulls":5},184964]
[null,"403-1-b",null,"带肋钢筋(HRB335、HRB400)","kg",17468.6,null,null,6.01,104986]
[null,"410-1-b",null,"C25混凝土","m3",172,null,null,464.99,79978]
["QL020102",null,null,"桥台台身","m3/处",{"$nulls":4},154981]
[null,"403-2-a",null,"光圆钢筋(HPB235、HPB300)","kg",2090.8,null,null,6.28,13130]
[null,"403-2-b",null,"带肋钢筋(HRB335、HRB400)","kg",14065.26,null,null,6.22,87486]
[null,"410-2-c",null,"C35混凝土","m3",104.7,null,null,519.25,54365]
["QL020103",null,null,"桥台耳背墙","m3/处",{"$nulls":4},46924]
[null,"403-2-b",null,"带肋钢筋(HRB335、HRB400)","kg",4877.84,null,null,6.22,30340]
[null,"410-2-b",null,"C30混凝土","m3",46.2,null,null,358.97,16584]
["QL020104",null,null,"桥台台帽","m3/处",{"$nulls":4},95663]
[null,"403-2-b",null,"带肋钢筋(HRB335、HRB400)","kg",11594,null,null,6.22,72115]
[null,"410-2-b",null,"C30混凝土","m3",65.6,null,null,358.97,23548]
["QL020105",null,null,"桥台支座垫石、挡块","m3/座",{"$nulls":4},14515]
[null,"403-4-b",null,"带肋钢筋(HRB335、HRB400)","kg",2037.4,null,null,6.4,13039]
[null,"410-6-c",null,"C30混凝土","m3",2.2,null,null,526.78,1159]
[null,"410-6-h",null,"C50小石子混凝土","m3",0.6,null,null,527.65,317]
["QL0202",null,null,"桥墩基础","m2/m",{"$nulls":4},3236795]
["QL020201",null,null,"桥墩桩基础","m/根",{"$nulls":4},1926813]
[null,"403-1-a",null,"光圆钢筋(HPB235、HPB300)","kg",2703.4,null,null,6.01,16247]
[null,"403-1-b",null,"带肋钢筋(HRB335、HRB400)","kg",64867.6,null,null,6.01,389854]
[null,"405-1-c",null,"桩径160m","m",364,null,null,4177.78,1520712]
["QL020202",null,null,"桥墩承台",{"$nulls":5},302358]
[null,"403-1-b",null,"带肋钢筋(HRB335、HRB400)","kg",29579.9,null,null,6.01,177775]
[null,"410-1-c",null,"C30混凝土","m3",240.1,null,null,518.88,124583]
["QL020203",null,null,"桥墩墩柱",{"$nulls":5},487372]
[null,"403-2-b",null,"带肋钢筋(HRB335、HRB400)","kg",54864.2,null,null,6.22,341255]
[null,"410-2-c",null,"C35混凝土","m3",281.4,null,null,519.25,146117]
["QL020204",null,null,"桥墩盖梁",{"$nulls":5},450939]
[null,"403-2-b",null,"带肋钢筋(HRB335、HRB400)","kg",53106.9,null,null,6.22,330325]
[null,"410-2-b",null,"C30混凝土","m3",336,null,null,358.97,120614]
["QL020205",null,null,"桥墩支座垫石、挡块",{"$nulls":5},45575]
[null,"403-4-b",null,"带肋钢筋(HRB335、HRB400)","kg",6459.3,null,null,6.4,41340]
[null,"410-6-c",null,"C30混凝土","m3",8.04,null,null,526.78,4235]
["QL020206",null,null,"桥墩防震锚栓",{"$nulls":5},23738]
[null,"403-2-b",null,"带肋钢筋(HRB335、HRB400)","kg",3816.4,null,null,6.22,23738]
["QL03",null,null,"上部构造","m2/m",{"$nulls":4},3990591]
["QL0301",null,null,"钢筋混凝土矩形板",{"$nulls":5},3186356]
["QL030701",null,null,"边跨边梁",{"$nulls":5},341608]
[null,"403-3-a",null,"光圆钢筋(HPB235、HPB300)","kg",5880,null,null,6.29,36985]
[null,"403-3-b",null,"带肋钢筋(HRB335、HRB400)","kg",22464,null,null,6.29,141299]
[null,"411-7-a",null,"C50混凝土","m3",145.2,null,null,1124.82,163324]
["QL030702",null,null,"边跨中梁",{"$nulls":5},308088]
[null,"403-3-a",null,"光圆钢筋(HPB235、HPB300)","kg",5520,null,null,6.29,34721]
[null,"403-3-b",null,"带肋钢筋(HRB335、HRB400)","kg",19140,null,null,6.29,120391]
[null,"411-7-a",null,"C50混凝土","m3",136,null,null,1124.82,152976]
["QL030703",null,null,"中跨边梁",{"$nulls":5},1031487]
[null,"403-3-a",null,"光圆钢筋(HPB235、HPB300)","kg",17832,null,null,6.29,112163]
[null,"403-3-b",null,"带肋钢筋(HRB335、HRB400)","kg",70620,null,null,6.29,444200]
[null,"411-7-a",null,"C50混凝土","m3",422.4,null,null,1124.82,475124]
["QL030704",null,null,"中跨中梁",{"$nulls":5},919807]
[null,"403-3-a",null,"光圆钢筋(HPB235、HPB300)","kg",16764,null,null,6.29,105446]
[null,"403-3-b",null,"带肋钢筋(HRB335、HRB400)","kg",60156,null,null,6.29,378381]
[null,"411-7-a",null,"C50混凝土","m3",387.6,null,null,1124.82,435980]
["QL030705",null,null,"梁端封锚",{"$nulls":5},29023]
[null,"403-3-a",null,"光圆钢筋(HPB235、HPB300)","kg",47.64,null,null,6.29,300]
[null,"403-3-b",null,"带肋钢筋(HRB335、HRB400)","kg",4566.48,null,null,6.29,28723]
["QL030706",null,null,"现浇湿接缝",{"$nulls":5},348370]
[null,"403-3-a",null,"光圆钢筋(HPB235、HPB300)","kg",8129.6,null,null,6.29,51135]
[null,"403-3-b",null,"带肋钢筋(HRB335、HRB400)","kg",24508.48,null,null,6.29,154158]
[null,"411-7-a",null,"C50混凝土","m3",127.2,null,null,1124.82,143077]
["QL030707",null,null,"端横梁",{"$nulls":5},8489]
[null,"403-3-a",null,"光圆钢筋(HPB235、HPB300)","kg",513.68,null,null,6.29,3231]
[null,"403-3-b",null,"带肋钢筋(HRB335、HRB400)","kg",621.34,null,null,6.29,3908]
[null,"411-7-a",null,"C50混凝土","m3",1.2,null,null,1124.82,1350]
["QL030708",null,null,"中横梁",{"$nulls":5},110978]
[null,"403-3-a",null,"光圆钢筋(HPB235、HPB300)","kg",1588.58,null,null,6.29,9992]
[null,"403-3-b",null,"带肋钢筋(HRB335、HRB400)","kg",4914.07,null,null,6.29,30910]
[null,"411-7-a",null,"C50混凝土","m3",62.3,null,null,1124.82,70076]
["QL030708",null,null,"跨中横隔板",{"$nulls":5},74097]
[null,"403-3-a",null,"光圆钢筋(HPB235、HPB300)","kg",2164.32,null,null,6.29,13614]
[null,"403-3-b",null,"带肋钢筋(HRB335、HRB400)","kg",8714.4,null,null,6.29,54814]
[null,"411-7-a",null,"C50混凝土","m3",5.04,null,null,1124.82,5669]
["QL030708",null,null,"预制堵头板",{"$nulls":5},14409]
[null,"403-3-a",null,"光圆钢筋(HPB235、HPB300)","kg",874.4,null,null,6.29,5500]
[null,"411-7-a",null,"C50混凝土","m3",7.92,null,null,1124.82,8909]
["QL0308",null,null,"负弯矩区钢束槽口封口",{"$nulls":5},113212]
[null,"403-3-b",null,"带肋钢筋(HRB335、HRB400)","kg",11704,null,null,6.29,73618]
[null,"411-7-a",null,"C50混凝土","m3",35.2,null,null,1124.82,39594]
["QL0309",null,null,"预应力钢束",{"$nulls":5},691023]
[null,"411-5",null,"后张法预应力钢绞线","kg",45492,null,null,15.19,691023]
["QL06",null,null,"其他工程","m2/m",{"$nulls":4},113100]
[null,"403-4-a",null,"光圆钢筋(HPB235、HPB300)","kg",122.74,null,null,6.5,798]
[null,"403-4-b",null,"带肋钢筋(HRB335、HRB400)","kg",6271.7,null,null,6.4,40139]
[null,"410-6-c",null,"C30混凝土","m3",61.6,null,null,526.78,32450]
[null,"413-1-a",null,"M7.5浆砌片石","m3",46.67,null,null,302.4,14113]
[null,"417-5-a",null,"(20cm×20cm×3cm)","块",64,null,null,400,25600]
["110",null,null,"专项费用","元"]
["11001",null,null,"施工场地建设费","元"]
["11002",null,null,"安全生产费","元"]

{"sheet":"08编办0号台账模式示例","index":2,"n_rows":716,"n_cols":12,"rows_kept":716,"cut":false,"hidden":false,"merged":[]}
["项目节编号","清单子目号","计量单元","名称","单位","清单数量","设计数量1","设计数量2","单价","合价","图号","备注"]
["1",null,null,"第一部分 建筑安装工程费","公路公里",{"$nulls":4},32120283]
["1-1",null,null,"临时工程","公路公里",{"$nulls":4},5157565]
[null,"101-1-a",null,"按合同条款规定,提供建筑工程一切险","总额",1,null,null,1569830,1569830]
[null,"101-1-b",null,"按合同条款规定,提供第三方责任险","总额",1,null,null,60000,60000]
[null,"102-1",null,"竣工文件","总额",1,null,null,200000,200000]
[null,"102-3",null,"安全生产费","总额",1,null,null,500000,500000]
[null,"102-4",null,"纵横工程管理软件(暂估价)","总额",1,null,null,100000,100000]
[null,"103-1-a",null,"临时道路","总额",1,null,null,1628162,1628162]
[null,"103-2",null,"临时用地","总额",1,null,null,57350,57350]
[null,"103-3-a",null,"设施架设、拆除","总额",1,null,null,941452,941452]
[null,"103-3-b",null,"设施维护","总额",1,null,null,50000,50000]
[null,"103-4",null,"电信设施的提供、维修与拆除","总额",1,null,null,50771,50771]
["1-2",null,null,"路基工程","km",{"$nulls":4},16740318]
["1-2-2",null,null,"挖方","m3",{"$nulls":4},3947329]
["1-2-2-1",null,null,"挖土方","m3",{"$nulls":4},3947329]
["1-2-2-1-1",null,null,"挖路基土方","m3",{"$nulls":4},3947329]
[null,"203-1-a",null,"挖土方","m3",524213.67,null,null,7.53,3947329]
[null,null,"1","K0+000-K1+000",null,92954.75]
[null,null,"2","K1+000-K1+800",null,53057.31]
[null,null,"3","K2+800-K3+004",null,342.44]
[null,null,"4","K3+004-K4+040",null,694.07]
[null,null,"5","K4+040-K5+000",null,223432.73]
[null,null,"6","K5+000-K6+000",null,24670.66]
[null,null,"7","K6+000-K7+000",null,33936.6]
[null,null,"8","K7+000-K7+700",null,95125.11]
["1-2-3",null,null,"填方","m3",{"$nulls":4},4485992]
["1-2-3-1",null,null,"路基填方","m3",{"$nulls":4},4485992]
["1-2-3-1-2",null,null,"利用方填筑","m3",{"$nulls":4},315173]
[null,"204-1-b",null,"利用土方","m3",46900.67,null,null,6.72,315173]
[null,null,"1","K0+000-K1+000",null,6442.73]
[null,null,"2","K1+000-K1+800",null,4127.18]
[null,null,"3","K2+800-K3+004",null,2546.58]
[null,null,"4","K3+004-K4+040",null,3109.17]
[null,null,"5","K4+040-K5+000",null,8536.7]
[null,null,"6","K5+000-K6+000",null,8985.2]
[null,null,"7","K6+000-K7+000",null,8565.33]
[null,null,"8","K7+000-K7+700",null,4587.78]
["1-2-3-1-3",null,null,"借方填筑","m3",{"$nulls":4},4170819]
[null,"204-1-e",null,"借土填方","m3",246066,null,null,16.95,4170819]
["1-2-4",null,null,"特殊路基处理","km",{"$nulls":4},4162248]
["1-2-4-1",null,null,"软土地区路基处理","km/m2",{"$nulls":4},4162248]
["1-2-4-1-1",null,null,"清除换填处理","m3/m2",{"$nulls":4},4162248]
[null,"203-1-d",null,"挖淤泥","m3",51899.4,null,null,17.03,883847]
[null,null,"1","K0+000~K1+008",null,21968.4]
[null,null,"2","K1+008~K1+800",null,29931]
[null,"204-1-j",null,"回填片石","m3",27238.4,null,null,107.78,2935755]
[null,null,"1","K0+000~K1+008",null,2168.4]
[null,null,"2","K1+008~K1+800",null,2993]
[null,null,"3","K2+800~K4+000",null,3605]
[null,null,"4","K4+000~K4+860",null,4692]
[null,null,"5","K4+860~K6+000",null,8160]
[null,null,"6","K6+000~K6+800",null,3820]
[null,null,"7","K6+800~K7+700",null,1800]
[null,"205-1-o",null,"单向格栅","m2",16350,null,null,14.96,244596]
[null,null,"1","K0+000~K1+008",null,3200]
[null,null,"2","K1+008~K1+800",null,4080]
[null,null,"3","K2+800~K4+000",null,1250]
[null,null,"4","K4+000~K4+860",null,1040]
[null,null,"5","K4+860~K6+000",null,2180]
[null,null,"6","K6+000~K6+800",null,400]
[null,null,"7","K6+800~K7+700",null,4200]
[null,"204-1-g",null,"回填粗粒土","m3",10600,null,null,9.25,98050]
[null,null,"1","K2+800~K4+000",null,8858]
[null,null,"2","K1+008~K1+800",null,517]
[null,null,"3","K0+000~K1+008",null,1225]
["1-2-5",null,null,"排水工程","km",{"$nulls":4},2191473]
["1-2-5-1",null,null,"边沟","m3/m",{"$nulls":4},177552]
["1-2-5-1-3",null,null,"浆砌片石边沟","m3/m",{"$nulls":4},177552]
[null,"207-1-b",null,"M7.5浆砌片石边沟","m3",1620,null,null,109.6,177552]
[null,null,"1","K4+000~K4+860",null,590]
[null,null,"2","K4+860~K6+000",null,260]
[null,null,"3","K6+000~K7+150",null,440]
[null,null,"4","K7+150~K7+700",null,330]
["1-2-5-2",null,null,"排水沟","m3/m",{"$nulls":4},967976]
["1-2-5-2-3",null,null,"浆砌片石排水沟","m3/m",{"$nulls":4},967976]
[null,"207-2-a",null,"M7.5浆砌片石排水沟","m",7388,null,null,131.02,967976]
[null,null,"1","K0+000~K1+030",null,904]
[null,null,"2","K1+030~K1+800",null,705]
[null,null,"3","K2+800~K4+340",null,2360]
[null,null,"4","K4+340~K4+980",null,230]
[null,null,"5","K4+980~K6+205",null,1629]
[null,null,"6","K6+205~K6+930",null,1050]
[null,null,"7","K6+930~K7+700",null,510]
["1-2-5-3",null,null,"截水沟","m3/m",{"$nulls":4},586819]
["1-2-5-3-1",null,null,"浆砌片石截水沟","m3/m",{"$nulls":4},586819]
[null,"207-3-a",null,"M7.5浆砌片石截水沟","m",1690,null,null,347.23,586819]
[null,null,"1","K0+000~K1+180",null,775]
[null,null,"2","K1+180~K1+800",null,395]
[null,null,"3","K2+800~K4+000",null,80]
[null,null,"4","K4+000~K4+730",null,350]
[null,null,"5","K7+150~K7+700",null,90]
["1-2-5-4",null,null,"急流槽","m3/m",{"$nulls":4},459126]
["1-2-5-4-2",null,null,"浆砌片石急流槽","m3/m",{"$nulls":4},459126]
[null,"207-4-a",null,"M7.5浆砌片石急流槽","m3",1559,null,null,294.5,459126]
[null,null,"1","K0+000~K1+008",null,202.44]
[null,null,"2","K1+008~K1+800",null,121.91]
[null,null,"3","K2+800~K3+950",null,175.53]
[null,null,"4","K3+950~K5+000",null,374.39]
[null,null,"5","K5+000~K5+960",null,423.87]
[null,null,"6","K5+960~K6+920",null,260.86]
["1-2-6",null,null,"路基防护与加固工程","km",{"$nulls":4},1953276]
["1-2-6-1",null,null,"填方边坡防护与加固","km/m2",{"$nulls":4},616819]
["1-2-6-1-1",null,null,"坡面植物防护","m2",{"$nulls":4},285728]
[null,"208-1-a",null,"植草","m2",86062.5,null,null,3.32,285728]
[null,null,"1","K0+000~K0+960",null,13649.5]
[null,null,"2","K0+960~K1+800",null,7485.8]
[null,null,"3","K2+800~K4+000",null,15695.5]
[null,null,"4","K4+000~K5+140",null,12320.99]
[null,null,"5","K5+140~K6+000",null,12028.6]
[null,null,"6","K6+000~K7+152",null,15655.3]
[null,null,"7","K7+152~K7+700",null,9226.81]
["1-2-6-1-2",null,null,"坡面圬工防护","m3/m2",{"$nulls":4},331091]
[null,"208-3-a",null,"拱形浆砌片石护坡","m3",2616.7,null,null,126.53,331091]
[null,null,"1","K0+000~K0+960",null,1025.7]
[null,null,"2","K0+960~K1+800",null,347]
[null,null,"3","K2+800~K4+000",null,670.2]
[null,null,"4","K4+000~K5+140",null,573.8]
["1-2-6-3",null,null,"高边坡防护与加固","km/m2",{"$nulls":4},404141]
[null,"208-3-a",null,"拱形浆砌片石护坡","m3",3194.03,null,null,126.53,404141]
[null,null,"1","K4+340~K4+480左右侧边坡防护",null,1980.4]
[null,null,"2","K4+510~K4+860右侧边坡防护",null,126.53]
[null,null,"3","K5+265~K5+470左侧边坡防护",null,1087.1]
["1-2-6-4",null,null,"挡土墙","m3/m",{"$nulls":4},932316]
["1-2-6-4-1",null,null,"重力式挡墙","m3/m",{"$nulls":4},932316]
["1-2-6-4-1-2",null,null,"浆砌片（块）石挡土墙","m3/m",{"$nulls":4},932316]
[null,"209-1-a",null,"浆砌片（块）石挡墙","m3",3472.7,null,null,268.47,932316]
[null,null,"1","K2+928~K3+004",null,1158.4]
[null,null,"2","K3+004~K3+119",null,2314.3]
["1-3",null,null,"路面工程","km/㎡",{"$nulls":4},7959]
["1-3-2",null,null,"路面底基层","m2/m3",{"$nulls":4},7959]
[null,"304-2",null,"搭板、埋板下水泥稳定土底基层（4%）","m2",71.2,null,null,111.78,7959]
["1-4",null,null,"桥梁涵洞工程","km",{"$nulls":4},10214441]
["1-4-2",null,null,"涵洞工程","m/道",{"$nulls":4},920491]
["1-4-2-1",null,null,"钢筋混凝土管涵","m/道",{"$nulls":4},202305]
["1-4-2-1-2",null,null,"1-Ф1.5m以内圆管涵","m/道",{"$nulls":4},202305]
[null,"418-3-c",null,"1-Ф1.5m以内圆管涵","m",227.37,null,null,889.76,202305]
[null,null,"1","K1+520",null,37.6]
[null,null,"2","K4+484",null,34.52]
[null,null,"3","K3+830",null,27.39]
[null,null,"4","K1+320",null,33.23]
[null,null,"5","K3+709",null,27.73]
[null,null,"6","K0+923",null,40.24]
[null,null,"7","K6+245",null,26.66]
["1-4-2-2",null,null,"盖板涵","m/道",{"$nulls":4},718186]
["1-4-2-2-1",null,null,"1-2m以内盖板涵","m/道",{"$nulls":4},289366]
[null,"420-1-b",null,"1-2.00m×2.00m盖板涵","m",111.07,null,null,2605.26,289366]
[null,null,"1","K3+220",null,36.75]
[null,null,"2","K4+970",null,34.8]
[null,null,"3","K5+570",null,39.52]
["1-4-2-2-3",null,null,"1-4m以内盖板涵","m/道",{"$nulls":4},428820]
[null,"420-1-c",null,"1-4.00m×3.00m盖板涵","m",81.86,null,null,5238.45,428820]
[null,null,"1","K6+782.5",null,41.74]
[null,null,"2","K0+520",null,40.12]
["1-4-3",null,null,"小桥（8≤L≤30m,5≤Lk＜20m）","m/座",{"$nulls":4},725649]
["1-4-3-5",null,null,"预应力混凝土空心板桥","m2/m",{"$nulls":4},725649]
["1-4-3-5-1",null,null,"K0+078小桥","m/座",{"$nulls":4},725649]
["1-4-3-5-1-1",null,null,"基础","m",{"$nulls":4},497871]
[null,"403-1-a",null,"光圆钢筋(HPB235、HPB300)","kg",2019,null,null,6.01,12134]
[null,"403-1-b",null,"带肋钢筋(HRB335、HRB400)","kg",5311,null,null,6.01,31919]
[null,"405-1-a",null,"桩径130cm","m",180,null,null,2231.26,401627]
[null,"410-1-b",null,"C25混凝土","m3",14.6,null,null,464.99,6789]
[null,"410-1-c",null,"C30混凝土","m3",87.5,null,null,518.88,45402]
["1-4-3-5-1-2",null,null,"下部结构","m2/m",{"$nulls":4},199618]
[null,"403-2-a",null,"光圆钢筋(HPB235、HPB300)","kg",1891,null,null,6.28,11875]
[null,"403-2-b",null,"带肋钢筋(HRB335、HRB400)","kg",16397,null,null,6.22,101989]
[null,"410-2-a",null,"C25混凝土","m3",29.1,null,null,450.11,13098]
[null,"410-2-b",null,"C30混凝土","m3",202.4,null,null,358.97,72656]
["1-4-3-5-1-3",null,null,"上部结构","m2/m",{"$nulls":4},27555]
[null,"403-3-a",null,"光圆钢筋(HPB235、HPB300)","kg",1627,null,null,6.29,10234]
[null,"410-7-c",null,"C50混凝土","m3",17.3,null,null,1001.23,17321]
["1-4-3-5-1-4",null,null,"桥台","m3/处",{"$nulls":4},605]
[null,"413-1-a",null,"M7.5浆砌片石","m3",2,null,null,302.4,605]
["1-4-5",null,null,"特、大桥工程（100≤L,40≤Lk）","m/座",{"$nulls":4},8568301]
["1-4-5-1",null,null,"×××（特）大桥（××结构类型）","m2/m",{"$nulls":4},8568301]
["1-4-5-1-1",null,null,"桥台（台高××m）","m2/m",{"$nulls":4},1227815]
["1-4-5-1-1-1",null,null,"桥台基础","m3/处",{"$nulls":4},915732]
["1-4-5-1-1-1-1",null,null,"桥台桩基础","m3/处",{"$nulls":4},730768]
[null,"403-1-a",null,"光圆钢筋(HPB235、HPB300)","kg",1112.4,null,null,6.01,6686]
[null,null,"1","0#桥台1#桩",null,126]
[null,null,"2","0#桥台2#桩",null,126]
[null,null,"3","0#桥台3#桩",null,126]
[null,null,"4","0#桥台4#桩",null,126]
[null,null,"5","8#桥台1#桩",null,152.1]
[null,null,"6","8#桥台2#桩",null,152.1]
[null,null,"7","8#桥台3#桩",null,152.1]
[null,null,"8","8#桥台4#桩",null,152.1]
[null,"403-1-b",null,"带肋钢筋(HRB335、HRB400)","kg",29132,null,null,6.01,175083]
[null,null,"1","0#桥台1#桩",null,3573.7]
[null,null,"2","0#桥台2#桩",null,3573.7]
[null,null,"3","0#桥台3#桩",null,3573.7]
[null,null,"4","0#桥台4#桩",null,3573.7]
[null,null,"5","8#桥台1#桩",null,3709.3]
[null,null,"6","8#桥台2#桩",null,3709.3]
[null,null,"7","8#桥台3#桩",null,3709.3]
[null,null,"8","8#桥台4#桩",null,3709.3]
[null,"405-1-b",null,"桩径150cm","m",184,null,null,2983.69,548999]
[null,null,"1","0#桥台3#桩",null,22]
[null,null,"2","8#桥台2#桩",null,24]
[null,null,"3","0#桥台1#桩",null,22]
[null,null,"4","0#桥台2#桩",null,22]
[null,null,"5","8#桥台1#桩",null,24]
[null,null,"6","8#桥台3#桩",null,24]
[null,null,"7","8#桥台4#桩",null,24]
[null,null,"8","0#桥台4#桩",null,22]
["1-4-5-1-1-1-2",null,null,"桥台承台","m3/处",{"$nulls":4},184964]
[null,"403-1-b",null,"带肋钢筋(HRB335、HRB400)","kg",17468.6,null,null,6.01,104986]
[null,null,"1","0#桥台承台",null,8734.3]
[null,null,"2","8#桥台承台",null,8734.3]
[null,"410-1-b",null,"C25混凝土","m3",172,null,null,464.99,79978]
[null,null,"1","0#桥台承台",null,86]
[null,null,"2","8#桥台承台",null,86]
["1-4-5-1-1-2",null,null,"桥台台身","m3/处",{"$nulls":4},154981]
[null,"403-2-a",null,"光圆钢筋(HPB235、HPB300)","kg",2090.8,null,null,6.28,13130]
[null,null,"1","0#桥台台身",null,830.6]
[null,null,"2","8#桥台台身",null,1260.2]
[null,"403-2-b",null,"带肋钢筋(HRB335、HRB400)","kg",14065.26,null,null,6.22,87486]
[null,null,"1","0#桥台台身",null,8477.68]
[null,null,"2","8#桥台台身",null,5587.58]
[null,"410-2-c",null,"C35混凝土","m3",104.7,null,null,519.25,54365]
[null,null,"1","0#桥台台身",null,36.6]
[null,null,"2","8#桥台台身",null,68.1]
["1-4-5-1-1-3",null,null,"桥台耳背墙","m3/处",{"$nulls":4},46924]
[null,"403-2-b",null,"带肋钢筋(HRB335、HRB400)","kg",4877.84,null,null,6.22,30340]
[null,null,"1","0#桥台耳背墙",null,2438.92]
[null,null,"2","8#桥台耳背墙",null,2438.92]
[null,"410-2-b",null,"C30混凝土","m3",46.2,null,null,358.97,16584]
[null,null,"1","0#桥台耳背墙",null,23.1]
[null,null,"2","8#桥台耳背墙",null,23.1]
["1-4-5-1-1-4",null,null,"桥台台帽","m3/处",{"$nulls":4},95663]
[null,"403-2-b",null,"带肋钢筋(HRB335、HRB400)","kg",11594,null,null,6.22,72115]
[null,null,"1","8#桥台台帽",null,5797]
[null,null,"2","0#桥台台帽",null,5797]
[null,"410-2-b",null,"C30混凝土","m3",65.6,null,null,358.97,23548]
[null,null,"1","8#桥台台帽",null,32.8]
[null,null,"2","0#桥台台帽",null,32.8]
["1-4-5-1-1-5",null,null,"桥台支座垫石、挡块","m3/座",{"$nulls":4},14515]
[null,"403-4-b",null,"带肋钢筋(HRB335、HRB400)","kg",2037.4,null,null,6.4,13039]
[null,null,"1","0#桥台支座垫石、挡块",null,1018.7]
[null,null,"2","8#桥台支座垫石、挡块",null,1018.7]
[null,"410-6-c",null,"C30混凝土","m3",2.2,null,null,526.78,1159]
[null,null,"1","0#桥台支座垫石、挡块",null,1.1]
[null,null,"2","8#桥台支座垫石、挡块",null,1.1]
[null,"410-6-h",null,"C50小石子混凝土","m3",0.6,null,null,527.65,317]
[null,null,"1","0#桥台支座垫石、挡块",null,0.3]
[null,null,"2","8#桥台支座垫石、挡块",null,0.3]
["1-4-5-1-2",null,null,"桥墩基础","m2/m",{"$nulls":4},2229171]
["1-4-5-1-2-1",null,null,"桥墩桩基础","m/根",{"$nulls":4},1926813]
[null,"403-1-a",null,"光圆钢筋(HPB235、HPB300)","kg",2703.4,null,null,6.01,16247]
[null,null,"1","1#桥墩1#桩",null,193.1]
[null,null,"2","1#桥墩2#桩",null,193.1]
[null,null,"3","2#桥墩1#桩",null,193.1]
[null,null,"4","2#桥墩2#桩",null,193.1]
[null,null,"5","3#桥墩1#桩",null,193.1]
[null,null,"6","3#桥墩2#桩",null,193.1]
[null,null,"7","4#桥墩1#桩",null,193.1]
[null,null,"8","4#桥墩2#桩",null,193.1]
[null,null,"9","5#桥墩1#桩",null,193.1]
[null,null,"10","5#桥墩2#桩",null,193.1]
[null,null,"11","6#桥墩1#桩",null,193.1]
[null,null,"12","6#桥墩2#桩",null,193.1]
[null,null,"13","7#桥墩1#桩",null,193.1]
[null,null,"14","7#桥墩2#桩",null,193.1]
[null,"403-1-b",null,"带肋钢筋(HRB335、HRB400)","kg",64867.6,null,null,6.01,389854]
[null,null,"1","1#桥墩1#桩",null,4633.4]
[null,null,"2","1#桥墩2#桩",null,4633.4]
[null,null,"3","2#桥墩1#桩",null,4633.4]
[null,null,"4","2#桥墩2#桩",null,4633.4]
[null,null,"5","3#桥墩1#桩",null,4633.4]
[null,null,"6","3#桥墩2#桩",null,4633.4]
[null,null,"7","4#桥墩1#桩",null,4633.4]
[null,null,"8","4#桥墩2#桩",null,4633.4]
[null,null,"9","5#桥墩1#桩",null,4633.4]
[null,null,"10","5#桥墩2#桩",null,4633.4]
[null,null,"11","6#桥墩1#桩",null,4633.4]
[null,null,"12","6#桥墩2#桩",null,4633.4]
[null,null,"13","7#桥墩1#桩",null,4633.4]
[null,null,"14","7#桥墩2#桩",null,4633.4]
[null,"405-1-c",null,"桩径160m","m",364,null,null,4177.78,1520712]
[null,null,"1","1#桥墩1#桩",null,26]
[null,null,"2","1#桥墩2#桩",null,26]
[null,null,"3","2#桥墩1#桩",null,26]
[null,null,"4","2#桥墩2#桩",null,26]
[null,null,"5","3#桥墩1#桩",null,26]
[null,null,"6","3#桥墩2#桩",null,26]
[null,null,"7","4#桥墩1#桩",null,26]
[null,null,"8","4#桥墩2#桩",null,26]
[null,null,"9","5#桥墩1#桩",null,26]
[null,null,"10","5#桥墩2#桩",null,26]
[null,null,"11","6#桥墩1#桩",null,26]
[null,null,"12","6#桥墩2#桩",null,26]
[null,null,"13","7#桥墩1#桩",null,26]
[null,null,"14","7#桥墩2#桩",null,26]
["1-4-5-1-2-2",null,null,"桥墩承台","m3/处",{"$nulls":4},302358]
[null,"403-1-b",null,"带肋钢筋(HRB335、HRB400)","kg",29579.9,null,null,6.01,177775]
[null,null,"1","7#桥墩承台",null,4225.7]
[null,null,"2","1#桥墩承台",null,4225.7]
[null,null,"3","2#桥墩承台",null,4225.7]
[null,null,"4","3#桥墩承台",null,4225.7]
[null,null,"5","4#桥墩承台",null,4225.7]
[null,null,"6","6#桥墩承台",null,4225.7]
[null,null,"7","5#桥墩承台",null,4225.7]
[null,"410-1-c",null,"C30混凝土","m3",240.1,null,null,518.88,124583]
[null,null,"1","3#桥墩承台",null,34.3]
[null,null,"2","7#桥墩承台",null,34.3]
[null,null,"3","1#桥墩承台",null,34.3]
[null,null,"4","2#桥墩承台",null,34.3]
[null,null,"5","4#桥墩承台",null,34.3]
[null,null,"6","6#桥墩承台",null,34.3]
[null,null,"7","5#桥墩承台",null,34.3]
["1-4-5-1-3",null,null,"下部构造（墩高××m）","m2/m",{"$nulls":4},1007624]
["1-4-5-1-3-1",null,null,"桥墩墩柱","m3",{"$nulls":4},487372]
[null,"403-2-b",null,"带肋钢筋(HRB335、HRB400)","kg",54864.2,null,null,6.22,341255]
[null,null,"1","1#桥墩墩柱",null,9258.9]
[null,null,"2","2#桥墩墩柱",null,10933.7]
[null,null,"3","3#桥墩墩柱",null,10548.2]
[null,null,"4","4#桥墩墩柱",null,7733.9]
[null,null,"5","5#桥墩墩柱",null,6768.1]
[null,null,"6","6#桥墩墩柱",null,4161.1]
[null,null,"7","7#桥墩墩柱",null,5460.3]
[null,"410-2-c",null,"C35混凝土","m3",281.4,null,null,519.25,146117]
[null,null,"1","1#桥墩墩柱",null,45.7]
[null,null,"2","2#桥墩墩柱",null,61]
[null,null,"3","3#桥墩墩柱",null,57.6]
[null,null,"4","4#桥墩墩柱",null,44.9]
[null,null,"5","5#桥墩墩柱",null,36.1]
[null,null,"6","6#桥墩墩柱",null,12.1]
[null,null,"7","7#桥墩墩柱",null,24]
["1-4-5-1-3-2",null,null,"桥墩盖梁","m3",{"$nulls":4},450939]
[null,"403-2-b",null,"带肋钢筋(HRB335、HRB400)","kg",53106.9,null,null,6.22,330325]
[null,null,"1","1#桥墩盖梁",null,7586.7]
[null,null,"2","2#桥墩盖梁",null,7586.7]
[null,null,"3","3#桥墩盖梁",null,7586.7]
[null,null,"4","4#桥墩盖梁",null,7586.7]
[null,null,"5","5#桥墩盖梁",null,7586.7]
[null,null,"6","6#桥墩盖梁",null,7586.7]
[null,null,"7","7#桥墩盖梁",null,7586.7]
[null,"410-2-b",null,"C30混凝土","m3",336,null,null,358.97,120614]
[null,null,"1","7#桥墩承台",null,48]
[null,null,"2","1#桥墩承台",null,48]
[null,null,"3","2#桥墩承台",null,48]
[null,null,"4","3#桥墩承台",null,48]
[null,null,"5","4#桥墩承台",null,48]
[null,null,"6","6#桥墩承台",null,48]
[null,null,"7","5#桥墩承台",null,48]
["1-4-5-1-3-3",null,null,"桥墩支座垫石、挡块","m3",{"$nulls":4},45575]
[null,"403-4-b",null,"带肋钢筋(HRB335、HRB400)","kg",6459.3,null,null,6.4,41340]
[null,null,"1","1#桥墩挡块",null,776.6]
[null,null,"2","2#桥墩挡块",null,776.6]
[null,null,"3","3#桥墩挡块",null,776.6]
[null,null,"4","4#桥墩挡块",null,441.9]
[null,null,"5","5#桥墩挡块",null,776.6]
[null,null,"6","6#桥墩挡块",null,776.6]
[null,null,"7","7#桥墩挡块",null,776.6]
[null,null,"8","1#桥墩支座垫石",null,180.1]
[null,null,"9","2#桥墩支座垫石",null,180.1]
[null,null,"10","3#桥墩支座垫石",null,180.1]
[null,null,"11","4#桥墩支座垫石",null,277.2]
[null,null,"12","5#桥墩支座垫石",null,180.1]
[null,null,"13","6#桥墩支座垫石",null,180.1]
[null,null,"14","7#桥墩支座垫石",null,180.1]
[null,"410-6-c",null,"C30混凝土","m3",8.04,null,null,526.78,4235]
[null,null,"1","1#桥墩挡块",null,1.2]
[null,null,"2","2#桥墩挡块",null,1.2]
[null,null,"3","3#桥墩挡块",null,1.2]
[null,null,"4","4#桥墩挡块",null,0.84]
[null,null,"5","5#桥墩挡块",null,1.2]
[null,null,"6","6#桥墩挡块",null,1.2]
[null,null,"7","7#桥墩挡块",null,1.2]
["1-4-5-1-3-4",null,null,"桥墩防震锚栓","kg",{"$nulls":4},23738]
[null,"403-2-b",null,"带肋钢筋(HRB335、HRB400)","kg",3816.4,null,null,6.22,23738]
[null,null,"1","1#桥墩防震锚栓",null,545.2]
[null,null,"2","2#桥墩防震锚栓",null,545.2]
[null,null,"3","3#桥墩防震锚栓",null,545.2]
[null,null,"4","4#桥墩防震锚栓",null,545.2]
[null,null,"5","5#桥墩防震锚栓",null,545.2]
[null,null,"6","6#桥墩防震锚栓",null,545.2]
[null,null,"7","7#桥墩防震锚栓",null,545.2]
["1-4-5-1-4",null,null,"上部构造","m2/m",{"$nulls":4},3990591]
["1-4-5-1-4-1",null,null,"梁端封锚","kg",{"$nulls":4},29023]
[null,"403-3-a",null,"光圆钢筋(HPB235、HPB300)","kg",47.64,null,null,6.29,300]
[null,null,"1","8#桥台梁端封锚钢筋",null,23.82]
[null,null,"2","0#桥台梁端封锚钢筋",null,23.82]
[null,"403-3-b",null,"带肋钢筋(HRB335、HRB400)","kg",4566.48,null,null,6.29,28723]
[null,null,"1","第1跨梁端加强钢筋",null,570.81]
[null,null,"2","第2跨梁端加强钢筋",null,570.81]
[null,null,"3","第3跨梁端加强钢筋",null,570.81]
[null,null,"4","第4跨梁端加强钢筋",null,570.81]
[null,null,"5","第5跨梁端加强钢筋",null,570.81]
[null,null,"6","第6跨梁端加强钢筋",null,570.81]
[null,null,"7","第7跨梁端加强钢筋",null,570.81]
[null,null,"8","第8跨梁端加强钢筋",null,570.81]
["1-4-5-1-4-2",null,null,"现浇湿接缝","kg",{"$nulls":4},348370]
[null,"403-3-a",null,"光圆钢筋(HPB235、HPB300)","kg",8129.6,null,null,6.29,51135]
[null,null,"1","第1跨现浇湿接缝",null,1016.2]
[null,null,"2","第2跨现浇湿接缝",null,1016.2]
[null,null,"3","第3跨现浇湿接缝",null,1016.2]
[null,null,"4","第4跨现浇湿接缝",null,1016.2]
[null,null,"5","第5跨现浇湿接缝",null,1016.2]
[null,null,"6","第6跨现浇湿接缝",null,1016.2]
[null,null,"7","第7跨现浇湿接缝",null,1016.2]
[null,null,"8","第8跨现浇湿接缝",null,1016.2]
[null,"403-3-b",null,"带肋钢筋(HRB335、HRB400)","kg",24508.48,null,null,6.29,154158]
[null,null,"1","第1跨现浇湿接缝",null,3063.56]
[null,null,"2","第2跨现浇湿接缝",null,3063.56]
[null,null,"3","第3跨现浇湿接缝",null,3063.56]
[null,null,"4","第4跨现浇湿接缝",null,3063.56]
[null,null,"5","第5跨现浇湿接缝",null,3063.56]
[null,null,"6","第6跨现浇湿接缝",null,3063.56]
[null,null,"7","第7跨现浇湿接缝",null,3063.56]
[null,null,"8","第8跨现浇湿接缝",null,3063.56]
[null,"411-7-a",null,"C50混凝土","m3",127.2,null,null,1124.82,143077]
[null,null,"1","第1跨现浇湿接缝",null,15.9]
[null,null,"2","第2跨现浇湿接缝",null,15.9]
[null,null,"3","第3跨现浇湿接缝",null,15.9]
[null,null,"4","第4跨现浇湿接缝",null,15.9]
[null,null,"5","第5跨现浇湿接缝",null,15.9]
[null,null,"6","第6跨现浇湿接缝",null,15.9]
[null,null,"7","第7跨现浇湿接缝",null,15.9]
[null,null,"8","第8跨现浇湿接缝",null,15.9]
["1-4-5-1-4-3",null,null,"端横梁","m3",{"$nulls":4},8489]
[null,"403-3-a",null,"光圆钢筋(HPB235、HPB300)","kg",513.68,null,null,6.29,3231]
[null,null,"1","8#桥台端横梁",null,256.84]
[null,null,"2","0#桥台端横梁",null,256.84]
[null,"403-3-b",null,"带肋钢筋(HRB335、HRB400)","kg",621.34,null,null,6.29,3908]
[null,null,"1","8#桥台端横梁",null,310.67]
[null,null,"2","0#桥台端横梁",null,310.67]
[null,"411-7-a",null,"C50混凝土","m3",1.2,null,null,1124.82,1350]
[null,null,"1","8#桥台端横梁",null,0.6]
[null,null,"2","0#桥台端横梁",null,0.6]
["1-4-5-1-4-4",null,null,"中横梁","m3",{"$nulls":4},110978]
[null,"403-3-a",null,"光圆钢筋(HPB235、HPB300)","kg",1588.58,null,null,6.29,9992]
[null,null,"1","1#桥墩中横梁",null,226.94]
[null,null,"2","2#桥墩中横梁",null,226.94]
[null,null,"3","3#桥墩中横梁",null,226.94]
[null,null,"4","4#桥墩中横梁",null,226.94]
[null,null,"5","5#桥墩中横梁",null,226.94]
[null,null,"6","6#桥墩中横梁",null,226.94]
[null,null,"7","7#桥墩中横梁",null,226.94]
[null,"403-3-b",null,"带肋钢筋(HRB335、HRB400)","kg",4914.07,null,null,6.29,30910]
[null,null,"1","1#桥墩中横梁",null,702.01]
[null,null,"2","2#桥墩中横梁",null,702.01]
[null,null,"3","3#桥墩中横梁",null,702.01]
[null,null,"4","4#桥墩中横梁",null,702.01]
[null,null,"5","5#桥墩中横梁",null,702.01]
[null,null,"6","6#桥墩中横梁",null,702.01]
[null,null,"7","7#桥墩中横梁",null,702.01]
[null,"411-7-a",null,"C50混凝土","m3",62.3,null,null,1124.82,70076]
[null,null,"1","1#桥墩中横梁",null,8.9]
[null,null,"2","2#桥墩中横梁",null,8.9]
[null,null,"3","3#桥墩中横梁",null,8.9]
[null,null,"4","4#桥墩中横梁",null,8.9]
[null,null,"5","5#桥墩中横梁",null,8.9]
[null,null,"6","6#桥墩中横梁",null,8.9]
[null,null,"7","7#桥墩中横梁",null,8.9]
["1-4-5-1-4-5",null,null,"跨中横隔板","m3",{"$nulls":4},74097]
[null,"403-3-a",null,"光圆钢筋(HPB235、HPB300)","kg",2164.32,null,null,6.29,13614]
[null,null,"1","第1跨跨中横隔板",null,270.54]
[null,null,"2","第2跨跨中横隔板",null,270.54]
[null,null,"3","第3跨跨中横隔板",null,270.54]
[null,null,"4","第4跨跨中横隔板",null,270.54]
[null,null,"5","第5跨跨中横隔板",null,270.54]
[null,null,"6","第6跨跨中横隔板",null,270.54]
[null,null,"7","第7跨跨中横隔板",null,270.54]
[null,null,"8","第8跨跨中横隔板",null,270.54]
[null,"403-3-b",null,"带肋钢筋(HRB335、HRB400)","kg",8714.4,null,null,6.29,54814]
[null,null,"1","第1跨跨中横隔板",null,1089.3]
[null,null,"2","第2跨跨中横隔板",null,1089.3]
[null,null,"3","第3跨跨中横隔板",null,1089.3]
[null,null,"4","第4跨跨中横隔板",null,1089.3]
[null,null,"5","第5跨跨中横隔板",null,1089.3]
[null,null,"6","第6跨跨中横隔板",null,1089.3]
[null,null,"7","第7跨跨中横隔板",null,1089.3]
[null,null,"8","第8跨跨中横隔板",null,1089.3]
[null,"411-7-a",null,"C50混凝土","m3",5.04,null,null,1124.82,5669]
[null,null,"1","第1跨跨中横隔板",null,0.63]
[null,null,"2","第2跨跨中横隔板",null,0.63]
[null,null,"3","第3跨跨中横隔板",null,0.63]
[null,null,"4","第4跨跨中横隔板",null,0.63]
[null,null,"5","第5跨跨中横隔板",null,0.63]
[null,null,"6","第6跨跨中横隔板",null,0.63]
[null,null,"7","第7跨跨中横隔板",null,0.63]
[null,null,"8","第8跨跨中横隔板",null,0.63]
["1-4-5-1-4-6",null,null,"预制堵头板","m3",{"$nulls":4},14409]
[null,"403-3-a",null,"光圆钢筋(HPB235、HPB300)","kg",874.4,null,null,6.29,5500]
[null,null,"1","第1跨预制堵头板",null,109.3]
[null,null,"2","第2跨预制堵头板",null,109.3]
[null,null,"3","第3跨预制堵头板",null,109.3]
[null,null,"4","第4跨预制堵头板",null,109.3]
[null,null,"5","第5跨预制堵头板",null,109.3]
[null,null,"6","第6跨预制堵头板",null,109.3]
[null,null,"7","第7跨预制堵头板",null,109.3]
[null,null,"8","第8跨预制堵头板",null,109.3]
[null,"411-7-a",null,"C50混凝土","m3",7.92,null,null,1124.82,8909]
[null,null,"1","第8跨预制堵头板",null,0.99]
[null,null,"2","第7跨预制堵头板",null,0.99]
[null,null,"3","第6跨预制堵头板",null,0.99]
[null,null,"4","第5跨预制堵头板",null,0.99]
[null,null,"5","第4跨预制堵头板",null,0.99]
[null,null,"6","第3跨预制堵头板",null,0.99]
[null,null,"7","第2跨预制堵头板",null,0.99]
[null,null,"8","第1跨预制堵头板",null,0.99]
["1-4-5-1-4-7",null,null,"箱梁预制","m3",{"$nulls":4},2600990]
["1-4-5-1-4-7-1",null,null,"边跨边梁","m3",{"$nulls":4},341608]
[null,"403-3-a",null,"光圆钢筋(HPB235、HPB300)","kg",5880,null,null,6.29,36985]
[null,null,"1","8-4边跨边梁",null,1470]
[null,null,"2","1-1边跨边梁",null,1470]
[null,null,"3","8-1边跨边梁",null,1470]
[null,null,"4","1-4边跨边梁",null,1470]
[null,"403-3-b",null,"带肋钢筋(HRB335、HRB400)","kg",22464,null,null,6.29,141299]
[null,null,"1","8-4边跨边梁",null,5616]
[null,null,"2","8-1边跨边梁",null,5616]
[null,null,"3","1-4边跨边梁",null,5616]
[null,null,"4","1-1边跨边梁",null,5616]
[null,"411-7-a",null,"C50混凝土","m3",145.2,null,null,1124.82,163324]
[null,null,"1","8-4边跨边梁",null,36.3]
[null,null,"2","8-1边跨边梁",null,36.3]
[null,null,"3","1-4边跨边梁",null,36.3]
[null,null,"4","1-1边跨边梁",null,36.3]
["1-4-5-1-4-7-2",null,null,"边跨中梁","m3",{"$nulls":4},308088]
[null,"403-3-a",null,"光圆钢筋(HPB235、HPB300)","kg",5520,null,null,6.29,34721]
[null,null,"1","1-3边跨中梁",null,1380]
[null,null,"2","1-2边跨中梁",null,1380]
[null,null,"3","8-2边跨中梁",null,1380]
[null,null,"4","8-3边跨中梁",null,1380]
[null,"403-3-b",null,"带肋钢筋(HRB335、HRB400)","kg",19140,null,null,6.29,120391]
[null,null,"1","8-2边跨中梁",null,4785]
[null,null,"2","1-3边跨中梁",null,4785]
[null,null,"3","1-2边跨中梁",null,4785]
[null,null,"4","8-3边跨中梁",null,4785]
[null,"411-7-a",null,"C50混凝土","m3",136,null,null,1124.82,152976]
[null,null,"1","8-3边跨中梁",null,34]
[null,null,"2","8-2边跨中梁",null,34]
[null,null,"3","1-3边跨中梁",null,34]
[null,null,"4","1-2边跨中梁",null,34]
["1-4-5-1-4-7-3",null,null,"中跨边梁","m3",{"$nulls":4},1031487]
[null,"403-3-a",null,"光圆钢筋(HPB235、HPB300)","kg",17832,null,null,6.29,112163]
[null,null,"1","3-1中跨边梁",null,1486]
[null,null,"2","4-4中跨边梁",null,1486]
[null,null,"3","2-4中跨边梁",null,1486]
[null,null,"4","3-4中跨边梁",null,1486]
[null,null,"5","4-1中跨边梁",null,1486]
[null,null,"6","5-4中跨边梁",null,1486]
[null,null,"7","6-1中跨边梁",null,1486]
[null,null,"8","6-4中跨边梁",null,1486]
[null,null,"9","2-1中跨边梁",null,1486]
[null,null,"10","7-1中跨边梁",null,1486]
[null,null,"11","7-4中跨边梁",null,1486]
[null,null,"12","5-1中跨边梁",null,1486]
[null,"403-3-b",null,"带肋钢筋(HRB335、HRB400)","kg",70620,null,null,6.29,444200]
[null,null,"1","2-4中跨边梁",null,5885]
[null,null,"2","2-1中跨边梁",null,5885]
[null,null,"3","3-1中跨边梁",null,5885]
[null,null,"4","3-4中跨边梁",null,5885]
[null,null,"5","4-1中跨边梁",null,5885]
[null,null,"6","4-4中跨边梁",null,5885]
[null,null,"7","5-4中跨边梁",null,5885]
[null,null,"8","6-1中跨边梁",null,5885]
[null,null,"9","6-4中跨边梁",null,5885]
[null,null,"10","7-1中跨边梁",null,5885]
[null,null,"11","7-4中跨边梁",null,5885]
[null,null,"12","5-1中跨边梁",null,5885]
[null,"411-7-a",null,"C50混凝土","m3",422.4,null,null,1124.82,475124]
[null,null,"1","5-1中跨边梁",null,35.2]
[null,null,"2","2-1中跨边梁",null,35.2]
[null,null,"3","2-4中跨边梁",null,35.2]
[null,null,"4","3-1中跨边梁",null,35.2]
[null,null,"5","3-4中跨边梁",null,35.2]
[null,null,"6","7-4中跨边梁",null,35.2]
[null,null,"7","4-4中跨边梁",null,35.2]
[null,null,"8","5-4中跨边梁",null,35.2]
[null,null,"9","6-1中跨边梁",null,35.2]
[null,null,"10","6-4中跨边梁",null,35.2]
[null,null,"11","7-1中跨边梁",null,35.2]
[null,null,"12","4-1中跨边梁",null,35.2]
["1-4-5-1-4-7-4",null,null,"中跨中梁","m3",{"$nulls":4},919807]
[null,"403-3-a",null,"光圆钢筋(HPB235、HPB300)","kg",16764,null,null,6.29,105446]
[null,null,"1","5-3中跨中梁",null,1397]
[null,null,"2","2-3中跨中梁",null,1397]
[null,null,"3","3-2中跨中梁",null,1397]
[null,null,"4","3-3中跨中梁",null,1397]
[null,null,"5","4-2中跨中梁",null,1397]
[null,null,"6","2-2中跨中梁",null,1397]
[null,null,"7","6-2中跨中梁",null,1397]
[null,null,"8","6-3中跨中梁",null,1397]
[null,null,"9","7-2中跨中梁",null,1397]
[null,null,"10","7-3中跨中梁",null,1397]
[null,null,"11","4-3中跨中梁",null,1397]
[null,null,"12","5-2中跨中梁",null,1397]
[null,"403-3-b",null,"带肋钢筋(HRB335、HRB400)","kg",60156,null,null,6.29,378381]
[null,null,"1","2-3中跨中梁",null,5013]
[null,null,"2","2-2中跨中梁",null,5013]
[null,null,"3","3-2中跨中梁",null,5013]
[null,null,"4","3-3中跨中梁",null,5013]
[null,null,"5","4-2中跨中梁",null,5013]
[null,null,"6","4-3中跨中梁",null,5013]
[null,null,"7","5-3中跨中梁",null,5013]
[null,null,"8","6-2中跨中梁",null,5013]
[null,null,"9","6-3中跨中梁",null,5013]
[null,null,"10","7-3中跨中梁",null,5013]
[null,null,"11","7-2中跨中梁",null,5013]
[null,null,"12","5-2中跨中梁",null,5013]
[null,"411-7-a",null,"C50混凝土","m3",387.6,null,null,1124.82,435980]
[null,null,"1","5-3中跨中梁",null,32.3]
[null,null,"2","2-2中跨中梁",null,32.3]
[null,null,"3","2-3中跨中梁",null,32.3]
[null,null,"4","3-2中跨中梁",null,32.3]
[null,null,"5","3-3中跨中梁",null,32.3]
[null,null,"6","4-2中跨中梁",null,32.3]
[null,null,"7","7-3中跨中梁",null,32.3]
[null,null,"8","5-2中跨中梁",null,32.3]
[null,null,"9","6-2中跨中梁",null,32.3]
[null,null,"10","6-3中跨中梁",null,32.3]
[null,null,"11","7-2中跨中梁",null,32.3]
[null,null,"12","4-3中跨中梁",null,32.3]
["1-4-5-1-4-8",null,null,"负弯矩区钢束槽口封口","m3",{"$nulls":4},113212]
[null,"403-3-b",null,"带肋钢筋(HRB335、HRB400)","kg",11704,null,null,6.29,73618]
[null,null,"1","第3跨负弯距区钢束槽口封口",null,1463]
[null,null,"2","第8跨负弯距区钢束槽口封口",null,1463]
[null,null,"3","第2跨负弯距区钢束槽口封口",null,1463]
[null,null,"4","第1跨负弯距区钢束槽口封口砼",null,1463]
[null,null,"5","第5跨负弯距区钢束槽口封口砼",null,1463]
[null,null,"6","第7跨负弯距区钢束槽口封口",null,1463]
[null,null,"7","第6跨负弯距区钢束槽口封口",null,1463]
[null,null,"8","第4跨负弯距区钢束槽口封口",null,1463]
[null,"411-7-a",null,"C50混凝土","m3",35.2,null,null,1124.82,39594]
[null,null,"1","第1跨负弯矩区钢束槽口封口",null,4.4]
[null,null,"2","第2跨负弯矩区钢束槽口封口",null,4.4]
[null,null,"3","第3跨负弯矩区钢束槽口封口",null,4.4]
[null,null,"4","第4跨负弯矩区钢束槽口封口",null,4.4]
[null,null,"5","第5跨负弯矩区钢束槽口封口",null,4.4]
[null,null,"6","第6跨负弯矩区钢束槽口封口",null,4.4]
[null,null,"7","第7跨负弯矩区钢束槽口封口",null,4.4]
[null,null,"8","第8跨负弯矩区钢束槽口封口",null,4.4]
["1-4-5-1-4-9",null,null,"预应力钢束","kg",{"$nulls":4},691023]
[null,"411-5",null,"后张法预应力钢绞线","kg",45492,null,null,15.19,691023]
[null,null,"1","第8跨正弯矩预应力钢束",null,4900]
[null,null,"2","第4跨负弯矩预应力钢束",null,1372]
[null,null,"3","第2跨正弯矩预应力钢束",null,4348]
[null,null,"4","第2跨负弯矩预应力钢束",null,1372]
[null,null,"5","第1跨负弯矩预应力钢束",null,686]
[null,null,"6","第3跨正弯矩预应力钢束",null,4348]
[null,null,"7","第3跨负弯矩预应力钢束",null,1372]
[null,null,"8","第4跨正弯矩预应力钢束",null,4348]
[null,null,"9","第5跨正弯矩预应力钢束",null,4348]
[null,null,"10","第5跨负弯矩预应力钢束",null,1372]
[null,null,"11","第6跨正弯矩预应力钢束",null,4348]
[null,null,"12","第6跨负弯矩预应力钢束",null,1372]
[null,null,"13","第7跨负弯矩预应力钢束",null,1372]
[null,null,"14","第8跨负弯矩预应力钢束",null,686]
[null,null,"15","第1跨正弯矩预应力钢束",null,4900]
[null,null,"16","第7跨正弯矩预应力钢束",null,4348]
["1-4-5-1-5",null,null,"其他工程","m2/m",{"$nulls":4},113100]
[null,"403-4-a",null,"光圆钢筋(HPB235、HPB300)","kg",122.74,null,null,6.5,798]
[null,null,"1","0#桥台桥头搭板",null,61.37]
[null,null,"2","8#桥台桥头搭板",null,61.37]
[null,"403-4-b",null,"带肋钢筋(HRB335、HRB400)","kg",6271.7,null,null,6.4,40139]
[null,null,"1","0#桥台桥头搭板",null,3135.85]
[null,null,"2","8#桥台桥头搭板",null,3135.85]
[null,"410-6-c",null,"C30混凝土","m3",61.6,null,null,526.78,32450]
[null,null,"1","0#桥台桥头搭板",null,30.8]
[null,null,"2","8#桥台桥头搭板",null,30.8]
[null,"413-1-a",null,"M7.5浆砌片石","m3",46.67,null,null,302.4,14113]
[null,null,"1","0#桥台锥坡、护坡",null,13.57]
[null,null,"2","0#桥台踏步",null,10.76]
[null,null,"3","8#桥台锥坡、护坡",null,12.56]
[null,null,"4","8#桥台踏步",null,9.78]
[null,"417-5-a",null,"(20cm×20cm×3cm)","块",64,null,null,400,25600]
["1-10",null,null,"建安工程其他费用","公路公里"]
["1-10-1",null,null,"其他建安工程","项"]
["1-10-1-1",null,null,"计日工","项"]
["1-10-1-1-1",null,null,"劳务","项"]
["1-10-1-1-2",null,null,"材料","项"]
["1-10-1-1-3",null,null,"机械","项"]
["1-10-1-2",null,null,"工程管理专项费用","项"]
["1-10-1-3",null,null,"索赔","项"]
["1-10-1-4",null,null,"价差调整","项"]
["1-10-1-5",null,null,"代扣代付项目增减建设成本","项"]
["1-10-2",null,null,"尾工工程","项"]
["1-10-3",null,null,"报废工程","项"]
["2",null,null,"第二部分 设备及工具、器具购置费","公路公里"]
["2-1",null,null,"设备购置费","公路公里"]
["2-2",null,null,"工具、器具购置","公路公里"]
["2-3",null,null,"办公及生活用家具购置","公路公里"]
["3",null,null,"第三部分 工程建设其他费用","公路公里"]
["3-1",null,null,"土地征用及拆迁补偿费","公路公里"]
["3-1-1",null,null,"土地补偿费","公路公里"]
["3-1-2",null,null,"征用耕地安置补助费","公路公里"]
["3-1-3",null,null,"拆迁补偿费","公路公里"]
["3-1-4",null,null,"复耕费","公路公里"]
["3-1-5",null,null,"耕地开垦费","公路公里"]
["3-1-6",null,null,"森林植被恢复费","公路公里"]
["3-1-7",null,null,"其它","公路公里"]
["3-2",null,null,"建设项目管理费","公路公里"]
["3-2-1",null,null,"建设单位（业主）管理费","公路公里"]
["3-2-2",null,null,"工程监理费","公路公里"]
["3-2-3",null,null,"设计文件审查费","公路公里"]
["3-2-4",null,null,"竣（交）工验收试验检测费","公路公里"]
["3-3",null,null,"研究试验费","公路公里"]
["3-4",null,null,"建设项目前期工作费","公路公里"]
["3-5",null,null,"专项评价（估）费","公路公里"]
["3-6",null,null,"施工机构迁移费","公路公里"]
["3-7",null,null,"供电贴费","公路公里"]
["3-8",null,null,"联合试运转费","公路公里"]
["3-9",null,null,"生产人员培训费","公路公里"]
["3-10",null,null,"固定资产投资方向调节税","公路公里"]
["3-11",null,null,"建设期贷款利息","公路公里"]
[null,null,null,"预备费","元"]
[null,null,null,"1.价差预备费","元"]
[null,null,null,"2.基本预备费","元"]
[null,null,null,"暂列金额(不含计日工总额)","元"]
[null,null,null,"保险费","元"]
[null,null,null,"新增加费用项目(不作预备费基数)","元"]
[null,null,null,"*请在此输入费用项目"]
[null,null,null,"其中：回收金额","元"]
[null,null,null,"*请在此输入费用项目"]

{"sheet":"08编办工程量清单模式示例","index":3,"n_rows":187,"n_cols":12,"rows_kept":187,"cut":false,"hidden":false,"merged":[]}
["项目节编号","清单子目号","计量单元","名称","单位","清单数量","设计数量1","设计数量2","单价","合价","图号","备注"]
["1",null,null,"第一部分 建筑安装工程费","公路公里",{"$nulls":4},32120283]
["1-1",null,null,"临时工程","公路公里",{"$nulls":4},5157565]
[null,"101-1",null,"保险费",{"$nulls":5},1629830]
[null,"101-1-a",null,"按合同条款规定,提供建筑工程一切险","总额",1,null,null,1569830,1569830]
[null,"101-1-b",null,"按合同条款规定,提供第三方责任险","总额",1,null,null,60000,60000]
[null,"102-1",null,"竣工文件","总额",1,null,null,200000,200000]
[null,"102-3",null,"安全生产费","总额",1,null,null,500000,500000]
[null,"102-4",null,"纵横工程管理软件(暂估价)","总额",1,null,null,100000,100000]
[null,"103-1",null,"临时道路修建、养护与拆除(包括原道路的养护费)",{"$nulls":5},1628162]
[null,"103-1-a",null,"临时道路","总额",1,null,null,1628162,1628162]
[null,"103-2",null,"临时用地","总额",1,null,null,57350,57350]
[null,"103-3",null,"临时供电设施",{"$nulls":5},991452]
[null,"103-3-a",null,"设施架设、拆除","总额",1,null,null,941452,941452]
[null,"103-3-b",null,"设施维护","总额",1,null,null,50000,50000]
[null,"103-4",null,"电信设施的提供、维修与拆除","总额",1,null,null,50771,50771]
["1-2",null,null,"路基工程","km",{"$nulls":4},16740318]
["1-2-2",null,null,"挖方","m3",{"$nulls":4},3947329]
["1-2-2-1",null,null,"挖土方","m3",{"$nulls":4},3947329]
["1-2-2-1-1",null,null,"挖路基土方","m3",{"$nulls":4},3947329]
[null,"203-1-a",null,"挖土方","m3",524213.67,null,null,7.53,3947329]
["1-2-3",null,null,"填方","m3",{"$nulls":4},4485992]
["1-2-3-1",null,null,"路基填方","m3",{"$nulls":4},4485992]
["1-2-3-1-2",null,null,"利用方填筑","m3",{"$nulls":4},315173]
[null,"204-1-b",null,"利用土方","m3",46900.67,null,null,6.72,315173]
["1-2-3-1-3",null,null,"借方填筑","m3",{"$nulls":4},4170819]
[null,"204-1-e",null,"借土填方","m3",246066,null,null,16.95,4170819]
["1-2-4",null,null,"特殊路基处理","km",{"$nulls":4},4162248]
["1-2-4-1",null,null,"软土地区路基处理","km/m2",{"$nulls":4},4162248]
["1-2-4-1-1",null,null,"清除换填处理","m3/m2",{"$nulls":4},4162248]
[null,"203-1-d",null,"挖淤泥","m3",51899.4,null,null,17.03,883847]
[null,"204-1-j",null,"回填片石","m3",27238.4,null,null,107.78,2935755]
[null,"205-1-o",null,"单向格栅","m2",16350,null,null,14.96,244596]
[null,"204-1-g",null,"回填粗粒土","m3",10600,null,null,9.25,98050]
["1-2-5",null,null,"排水工程","km",{"$nulls":4},2191473]
["1-2-5-1",null,null,"边沟","m3/m",{"$nulls":4},177552]
["1-2-5-1-3",null,null,"浆砌片石边沟","m3/m",{"$nulls":4},177552]
[null,"207-1-b",null,"M7.5浆砌片石边沟","m3",1620,null,null,109.6,177552]
["1-2-5-2",null,null,"排水沟","m3/m",{"$nulls":4},967976]
["1-2-5-2-3",null,null,"浆砌片石排水沟","m3/m",{"$nulls":4},967976]
[null,"207-2-a",null,"M7.5浆砌片石排水沟","m",7388,null,null,131.02,967976]
["1-2-5-3",null,null,"截水沟","m3/m",{"$nulls":4},586819]
["1-2-5-3-1",null,null,"浆砌片石截水沟","m3/m",{"$nulls":4},586819]
[null,"207-3-a",null,"M7.5浆砌片石截水沟","m",1690,null,null,347.23,586819]
["1-2-5-4",null,null,"急流槽","m3/m",{"$nulls":4},459126]
["1-2-5-4-2",null,null,"浆砌片石急流槽","m3/m",{"$nulls":4},459126]
[null,"207-4-a",null,"M7.5浆砌片石急流槽","m3",1559,null,null,294.5,459126]
["1-2-6",null,null,"路基防护与加固工程","km",{"$nulls":4},1953276]
["1-2-6-1",null,null,"填方边坡防护与加固","km/m2",{"$nulls":4},616819]
["1-2-6-1-1",null,null,"坡面植物防护","m2",{"$nulls":4},285728]
[null,"208-1-a",null,"植草","m2",86062.5,null,null,3.32,285728]
["1-2-6-1-2",null,null,"坡面圬工防护","m3/m2",{"$nulls":4},331091]
[null,"208-3-a",null,"拱形浆砌片石护坡","m3",2616.7,null,null,126.53,331091]
["1-2-6-3",null,null,"高边坡防护与加固","km/m2",{"$nulls":4},404141]
[null,"208-3-a",null,"拱形浆砌片石护坡","m3",3194.03,null,null,126.53,404141]
["1-2-6-4",null,null,"挡土墙","m3/m",{"$nulls":4},932316]
["1-2-6-4-1",null,null,"重力式挡墙","m3/m",{"$nulls":4},932316]
["1-2-6-4-1-2",null,null,"浆砌片（块）石挡土墙","m3/m",{"$nulls":4},932316]
[null,"209-1-a",null,"浆砌片（块）石挡墙","m3",3472.7,null,null,268.47,932316]
["1-3",null,null,"路面工程","km/㎡",{"$nulls":4},7959]
["1-3-2",null,null,"路面底基层","m2/m3",{"$nulls":4},7959]
[null,"304-2",null,"搭板、埋板下水泥稳定土底基层（4%）","m2",71.2,null,null,111.78,7959]
["1-4",null,null,"桥梁涵洞工程","km",{"$nulls":4},10214441]
["1-4-2",null,null,"涵洞工程","m/道",{"$nulls":4},920491]
["1-4-2-1",null,null,"钢筋混凝土管涵","m/道",{"$nulls":4},202305]
["1-4-2-1-2",null,null,"1-Ф1.5m以内圆管涵","m/道",{"$nulls":4},202305]
[null,"418-3-c",null,"1-Ф1.5m以内圆管涵","m",227.37,null,null,889.76,202305]
["1-4-2-2",null,null,"盖板涵","m/道",{"$nulls":4},718186]
["1-4-2-2-1",null,null,"1-2m以内盖板涵","m/道",{"$nulls":4},289366]
[null,"420-1-b",null,"1-2.00m×2.00m盖板涵","m",111.07,null,null,2605.26,289366]
["1-4-2-2-3",null,null,"1-4m以内盖板涵","m/道",{"$nulls":4},428820]
[null,"420-1-c",null,"1-4.00m×3.00m盖板涵","m",81.86,null,null,5238.45,428820]
["1-4-3",null,null,"小桥（8≤L≤30m,5≤Lk＜20m）","m/座",{"$nulls":4},725649]
["1-4-3-5",null,null,"预应力混凝土空心板桥","m2/m",{"$nulls":4},725649]
["1-4-3-5-1",null,null,"K0+078小桥",{"$nulls":5},725649]
["1-4-3-5-1-1",null,null,"基础",{"$nulls":5},497871]
[null,"403-1-a",null,"光圆钢筋(HPB235、HPB300)","kg",2019,null,null,6.01,12134]
[null,"403-1-b",null,"带肋钢筋(HRB335、HRB400)","kg",5311,null,null,6.01,31919]
[null,"405-1-a",null,"桩径130cm","m",180,null,null,2231.26,401627]
[null,"410-1-b",null,"C25混凝土","m3",14.6,null,null,464.99,6789]
[null,"410-1-c",null,"C30混凝土","m3",87.5,null,null,518.88,45402]
["1-4-3-5-1-2",null,null,"下部结构",{"$nulls":5},199618]
[null,"403-2-a",null,"光圆钢筋(HPB235、HPB300)","kg",1891,null,null,6.28,11875]
[null,"403-2-b",null,"带肋钢筋(HRB335、HRB400)","kg",16397,null,null,6.22,101989]
[null,"410-2-a",null,"C25混凝土","m3",29.1,null,null,450.11,13098]
[null,"410-2-b",null,"C30混凝土","m3",202.4,null,null,358.97,72656]
["1-4-3-5-1-3",null,null,"上部结构",{"$nulls":5},27555]
[null,"403-3-a",null,"光圆钢筋(HPB235、HPB300)","kg",1627,null,null,6.29,10234]
[null,"410-7-c",null,"C50混凝土","m3",17.3,null,null,1001.23,17321]
["1-4-3-5-1-4",null,null,"桥台",{"$nulls":5},605]
[null,"413-1-a",null,"M7.5浆砌片石","m3",2,null,null,302.4,605]
["1-4-5",null,null,"特、大桥工程（100≤L,40≤Lk）","m/座",{"$nulls":4},8568301]
["1-4-5-1",null,null,"×××（特）大桥（××结构类型）","m2/m",{"$nulls":4},8568301]
["1-4-5-1-1",null,null,"桥台（台高××m）","m2/m",{"$nulls":4},1227815]
["1-4-5-1-1-1",null,null,"桥台基础","m3/处",{"$nulls":4},915732]
["1-4-5-1-1-1-1",null,null,"桥台桩基础","m3/处",{"$nulls":4},730768]
[null,"403-1-a",null,"光圆钢筋(HPB235、HPB300)","kg",1112.4,null,null,6.01,6686]
[null,"403-1-b",null,"带肋钢筋(HRB335、HRB400)","kg",29132,null,null,6.01,175083]
[null,"405-1-b",null,"桩径150cm","m",184,null,null,2983.69,548999]
["1-4-5-1-1-1-2",null,null,"桥台承台",{"$nulls":5},184964]
[null,"403-1-b",null,"带肋钢筋(HRB335、HRB400)","kg",17468.6,null,null,6.01,104986]
[null,"410-1-b",null,"C25混凝土","m3",172,null,null,464.99,79978]
["1-4-5-1-1-2",null,null,"桥台台身","m3/处",{"$nulls":4},154981]
[null,"403-2-a",null,"光圆钢筋(HPB235、HPB300)","kg",2090.8,null,null,6.28,13130]
[null,"403-2-b",null,"带肋钢筋(HRB335、HRB400)","kg",14065.26,null,null,6.22,87486]
[null,"410-2-c",null,"C35混凝土","m3",104.7,null,null,519.25,54365]
["1-4-5-1-1-3",null,null,"桥台耳背墙","m3/处",{"$nulls":4},46924]
[null,"403-2-b",null,"带肋钢筋(HRB335、HRB400)","kg",4877.84,null,null,6.22,30340]
[null,"410-2-b",null,"C30混凝土","m3",46.2,null,null,358.97,16584]
["1-4-5-1-1-4",null,null,"桥台台帽","m3/处",{"$nulls":4},95663]
[null,"403-2-b",null,"带肋钢筋(HRB335、HRB400)","kg",11594,null,null,6.22,72115]
[null,"410-2-b",null,"C30混凝土","m3",65.6,null,null,358.97,23548]
["1-4-5-1-1-5",null,null,"桥台支座垫石、挡块","m3/座",{"$nulls":4},14515]
[null,"403-4-b",null,"带肋钢筋(HRB335、HRB400)","kg",2037.4,null,null,6.4,13039]
[null,"410-6-c",null,"C30混凝土","m3",2.2,null,null,526.78,1159]
[null,"410-6-h",null,"C50小石子混凝土","m3",0.6,null,null,527.65,317]
["1-4-5-1-2",null,null,"桥墩基础","m2/m",{"$nulls":4},2229171]
["1-4-5-1-2-1",null,null,"桥墩桩基础","m/根",{"$nulls":4},1926813]
[null,"403-1-a",null,"光圆钢筋(HPB235、HPB300)","kg",2703.4,null,null,6.01,16247]
[null,"403-1-b",null,"带肋钢筋(HRB335、HRB400)","kg",64867.6,null,null,6.01,389854]
[null,"405-1-c",null,"桩径160m","m",364,null,null,4177.78,1520712]
["1-4-5-1-2-2",null,null,"桥墩承台",{"$nulls":5},302358]
[null,"403-1-b",null,"带肋钢筋(HRB335、HRB400)","kg",29579.9,null,null,6.01,177775]
[null,"410-1-c",null,"C30混凝土","m3",240.1,null,null,518.88,124583]
["1-4-5-1-3",null,null,"下部构造（墩高××m）","m2/m",{"$nulls":4},1007624]
["1-4-5-1-3-1",null,null,"桥墩墩柱",{"$nulls":5},487372]
[null,"403-2-b",null,"带肋钢筋(HRB335、HRB400)","kg",54864.2,null,null,6.22,341255]
[null,"410-2-c",null,"C35混凝土","m3",281.4,null,null,519.25,146117]
["1-4-5-1-3-2",null,null,"桥墩盖梁",{"$nulls":5},450939]
[null,"403-2-b",null,"带肋钢筋(HRB335、HRB400)","kg",53106.9,null,null,6.22,330325]
[null,"410-2-b",null,"C30混凝土","m3",336,null,null,358.97,120614]
["1-4-5-1-3-3",null,null,"桥墩支座垫石、挡块",{"$nulls":5},45575]
[null,"403-4-b",null,"带肋钢筋(HRB335、HRB400)","kg",6459.3,null,null,6.4,41340]
[null,"410-6-c",null,"C30混凝土","m3",8.04,null,null,526.78,4235]
["1-4-5-1-3-4",null,null,"桥墩防震锚栓",{"$nulls":5},23738]
[null,"403-2-b",null,"带肋钢筋(HRB335、HRB400)","kg",3816.4,null,null,6.22,23738]
["1-4-5-1-4",null,null,"上部构造","m2/m",{"$nulls":4},3990591]
["1-4-5-1-4-1",null,null,"梁端封锚",{"$nulls":5},29023]
[null,"403-3-a",null,"光圆钢筋(HPB235、HPB300)","kg",47.64,null,null,6.29,300]
[null,"403-3-b",null,"带肋钢筋(HRB335、HRB400)","kg",4566.48,null,null,6.29,28723]
["1-4-5-1-4-2",null,null,"现浇湿接缝",{"$nulls":5},348370]
[null,"403-3-a",null,"光圆钢筋(HPB235、HPB300)","kg",8129.6,null,null,6.29,51135]
[null,"403-3-b",null,"带肋钢筋(HRB335、HRB400)","kg",24508.48,null,null,6.29,154158]
[null,"411-7-a",null,"C50混凝土","m3",127.2,null,null,1124.82,143077]
["1-4-5-1-4-3",null,null,"端横梁",{"$nulls":5},8489]
[null,"403-3-a",null,"光圆钢筋(HPB235、HPB300)","kg",513.68,null,null,6.29,3231]
[null,"403-3-b",null,"带肋钢筋(HRB335、HRB400)","kg",621.34,null,null,6.29,3908]
[null,"411-7-a",null,"C50混凝土","m3",1.2,null,null,1124.82,1350]
["1-4-5-1-4-4",null,null,"中横梁",{"$nulls":5},110978]
[null,"403-3-a",null,"光圆钢筋(HPB235、HPB300)","kg",1588.58,null,null,6.29,9992]
[null,"403-3-b",null,"带肋钢筋(HRB335、HRB400)","kg",4914.07,null,null,6.29,30910]
[null,"411-7-a",null,"C50混凝土","m3",62.3,null,null,1124.82,70076]
["1-4-5-1-4-5",null,null,"跨中横隔板",{"$nulls":5},74097]
[null,"403-3-a",null,"光圆钢筋(HPB235、HPB300)","kg",2164.32,null,null,6.29,13614]
[null,"403-3-b",null,"带肋钢筋(HRB335、HRB400)","kg",8714.4,null,null,6.29,54814]
[null,"411-7-a",null,"C50混凝土","m3",5.04,null,null,1124.82,5669]
["1-4-5-1-4-6",null,null,"预制堵头板",{"$nulls":5},14409]
[null,"403-3-a",null,"光圆钢筋(HPB235、HPB300)","kg",874.4,null,null,6.29,5500]
[null,"411-7-a",null,"C50混凝土","m3",7.92,null,null,1124.82,8909]
["1-4-5-1-4-7",null,null,"箱梁预制",{"$nulls":5},2600990]
["1-4-5-1-4-7-1",null,null,"边跨边梁",{"$nulls":5},341608]
[null,"403-3-a",null,"光圆钢筋(HPB235、HPB300)","kg",5880,null,null,6.29,36985]
[null,"403-3-b",null,"带肋钢筋(HRB335、HRB400)","kg",22464,null,null,6.29,141299]
[null,"411-7-a",null,"C50混凝土","m3",145.2,null,null,1124.82,163324]
["1-4-5-1-4-7-2",null,null,"边跨中梁",{"$nulls":5},308088]
[null,"403-3-a",null,"光圆钢筋(HPB235、HPB300)","kg",5520,null,null,6.29,34721]
[null,"403-3-b",null,"带肋钢筋(HRB335、HRB400)","kg",19140,null,null,6.29,120391]
[null,"411-7-a",null,"C50混凝土","m3",136,null,null,1124.82,152976]
["1-4-5-1-4-7-3",null,null,"中跨边梁",{"$nulls":5},1031487]
[null,"403-3-a",null,"光圆钢筋(HPB235、HPB300)","kg",17832,null,null,6.29,112163]
[null,"403-3-b",null,"带肋钢筋(HRB335、HRB400)","kg",70620,null,null,6.29,444200]
[null,"411-7-a",null,"C50混凝土","m3",422.4,null,null,1124.82,475124]
["1-4-5-1-4-7-4",null,null,"中跨中梁",{"$nulls":5},919807]
[null,"403-3-a",null,"光圆钢筋(HPB235、HPB300)","kg",16764,null,null,6.29,105446]
[null,"403-3-b",null,"带肋钢筋(HRB335、HRB400)","kg",60156,null,null,6.29,378381]
[null,"411-7-a",null,"C50混凝土","m3",387.6,null,null,1124.82,435980]
["1-4-5-1-4-8",null,null,"负弯矩区钢束槽口封口",{"$nulls":5},113212]
[null,"403-3-b",null,"带肋钢筋(HRB335、HRB400)","kg",11704,null,null,6.29,73618]
[null,"411-7-a",null,"C50混凝土","m3",35.2,null,null,1124.82,39594]
["1-4-5-1-4-9",null,null,"预应力钢束",{"$nulls":5},691023]
[null,"411-5",null,"后张法预应力钢绞线","kg",45492,null,null,15.19,691023]
["1-4-5-1-5",null,null,"其他工程","m2/m",{"$nulls":4},113100]
[null,"403-4-a",null,"光圆钢筋(HPB235、HPB300)","kg",122.74,null,null,6.5,798]
[null,"403-4-b",null,"带肋钢筋(HRB335、HRB400)","kg",6271.7,null,null,6.4,40139]
[null,"410-6-c",null,"C30混凝土","m3",61.6,null,null,526.78,32450]
[null,"413-1-a",null,"M7.5浆砌片石","m3",46.67,null,null,302.4,14113]
[null,"417-5-a",null,"(20cm×20cm×3cm)","块",64,null,null,400,25600]